{"text_format":"3","workbook":"xlsx","n_sheets":12,"sheets":["Sheet2","Sheet3","Sheet1 (3)","Sheet1 (2)","Plano Exekusaun SV 2026","Plano Exekusaun BS Aluguer","Plano Exekusaun BS 2026 ","Sheet1","Planeamento","Aprovisionamento","Salario Vensimento","Pedido Q1 "],"not_rendered":{"charts":5,"images":1,"defined_names":5},"read":"whole","date_system":"1900"}

{"sheet":"Sheet2","index":0,"n_rows":32,"n_cols":21,"rows_kept":32,"hidden":true,"merged":[[9,2,9,16],[10,2,11,2],[10,3,11,3],[10,4,11,4],[10,6,11,6],[10,7,10,10],[10,11,11,11],[10,12,11,12],[10,13,11,13],[10,14,11,14],[10,15,11,15],[10,16,11,16],[22,2,22,6],[23,2,23,10],[23,12,23,16],[26,2,26,3],[26,8,26,13],[27,2,27,3],[30,2,30,3],[30,8,30,13],[31,2,31,3],[31,8,31,13]]}
{"$rows_empty":9}
[null,null,"ORSAMENTO ANUAL 2024"]
[null,null,"Kategori Osan","Subrubica","Justifikasaun","Custo Annual","Viroment","uza",{"$nulls":3},"Sal Decimo Terceiro","Total","Perc. Actual (%)","Balansu Orsamento","Perc. balansu (%)","OBS"]
[{"$nulls":5},{"$f":"SUM(F13:F22)","v":{"v":89722,"d":"$89,722.00"}},null,"QI","QII","QIII","QIV",{"$nulls":8},"Alokasaun Orsamento ba SV ","Ezekusaun QI"]
[null,null,"502: Bens e Serviços Correntes","50101: Salario","Salario",{"v":67390,"d":"$67,390.00"},null,{"v":13798.5,"d":"$13,798.50"},{"v":13798.5,"d":"$13,798.50"},{"v":9199,"d":"$9,199.00"},0,{"v":3515,"d":"$3,515.00"},{"$f":"SUM(H13:L13)","v":{"v":40311,"d":"$40,311.00"}},{"$f":"SUM(M13/F12)","v":{"v":0.4492878000936225,"d":"44.93%"}},{"$f":"F13-M13","v":{"v":27079,"d":"$27,079.00"}},{"$f":"O13/F12","v":{"v":0.30181003544281226,"d":"30.18%"}},{"$f":"P13+N13","v":{"v":0.7510978355364348,"d":"75.11%"}},null,null,{"$f":"F13","v":{"v":67390,"d":"$67,390.00"}},{"$f":"H13","v":{"v":13798.5,"d":"$13,798.50"}}]
[null,null,"502: Bens e Serviços Correntes","5020404: Outros Bens Públicos","Utilitis",{"v":3000,"d":"$3,000.00"},null,{"v":200,"d":"$200"},{"v":250,"d":"$250"},{"v":250,"d":"$250"},{"v":0,"d":"$0"},null,{"$f":"SUM(H14:K14)","v":{"v":700,"d":"$700.00"}},{"$f":"M14/F12","v":{"v":0.007801876908673458,"d":"0.78%"}},{"v":2300,"d":"$2,300.00"},{"$f":"O14/F12","v":{"v":0.02563473841421279,"d":"2.56%"}},{"$f":"P14+N14","v":{"v":0.03343661532288625,"d":"3.34%"}}]
[null,null,"502: Bens e Serviços Correntes","5020801: Material Agrícola","Toner",{"v":1000,"d":"$1,000.00"},null,null,{"v":250,"d":"$250"},{"v":250,"d":"$250"},{"v":0,"d":"$0"},null,{"$f":"SUM(H15:K15)","v":{"v":500,"d":"$500.00"}},{"$f":"M15/F12","v":{"v":0.005572769220481041,"d":"0.56%"}},{"v":500,"d":"$500.00"},{"$f":"O15/F12","v":{"v":0.005572769220481041,"d":"0.56%"}},{"$f":"P15+N15","v":{"v":0.011145538440962083,"d":"1.11%"}}]
[null,null,"502: Bens e Serviços Correntes","5020901: Material de Escrítorio","AKT",{"v":2000,"d":"$2,000.00"},null,{"v":500,"d":"$500"},{"v":500,"d":"$500"},{"v":0,"d":"$0"},{"v":0,"d":"$0"},null,{"$f":"SUM(H16:K16)","v":{"v":1000,"d":"$1,000.00"}},{"$f":"M16/F12","v":{"v":0.011145538440962083,"d":"1.11%"}},{"v":1000,"d":"$1,000.00"},{"$f":"O16/F12","v":{"v":0.011145538440962083,"d":"1.11%"}},{"v":0.022291076881924166,"d":"2.23%"}]
[null,null,"502: Bens e Serviços Correntes","5021002: Combustível para Veículos","Kombustivel",{"v":2548,"d":"$2,548.00"},null,{"v":637,"d":"$637"},{"v":637,"d":"$637"},{"v":637,"d":"$637"},{"v":0,"d":"$0"},null,{"$f":"SUM(H17:K17)","v":{"v":1911,"d":"$1,911.00"}},{"$f":"M17/F12","v":{"v":0.02129912396067854,"d":"2.13%"}},{"v":637,"d":"$637.00"},{"$f":"O17/F12","v":{"v":0.007099707986892847,"d":"0.71%"}},{"v":0.02839883194757139,"d":"2.84%"}]
[null,null,"502: Bens e Serviços Correntes","5021701: Manutenção de veículos","Manutensao Kareta",{"v":1200,"d":"$1,200.00"},null,{"v":0,"d":"$0"},{"v":0,"d":"$0"},{"v":0,"d":"$0"},{"v":0,"d":"$0"},null,{"$f":"SUM(H18:K18)","v":{"v":0,"d":"$0.00"}},{"v":0,"d":"0.00%"},{"v":1200,"d":"$1,200.00"},{"$f":"O18/F12","v":{"v":0.0133746461291545,"d":"1.34%"}},{"v":0.0133746461291545,"d":"1.34%"}]
[null,null,"502: Bens e Serviços Correntes","5022001: Transportes Nacionais","Viagem",{"v":3000,"d":"$3,000.00"},null,{"v":740,"d":"$740"},{"v":760,"d":"$760"},{"v":740,"d":"$740"},{"v":0,"d":"$0"},null,{"$f":"SUM(H19:K19)","v":{"v":2240,"d":"$2,240.00"}},{"$f":"M19/F12","v":{"v":0.024966006107755064,"d":"2.50%"}},{"v":760,"d":"$760.00"},{"$f":"O19/F12","v":{"v":0.008470609215131182,"d":"0.85%"}},{"v":0.03343661532288625,"d":"3.34%"}]
[null,null,"502: Bens e Serviços Correntes","5022201: Assisténcia Técnica","Salario Kazuais",{"v":5304,"d":"$5,304.00"},null,{"$f":"136*3*2","v":{"v":816,"d":"$816"}},{"$f":"136*3*3","v":{"v":1224,"d":"$1,224"}},{"$f":"136*3*2","v":{"v":816,"d":"$816"}},{"v":0,"d":"$0"},null,{"$f":"SUM(H20:K20)","v":{"v":2856,"d":"$2,856.00"}},{"$f":"M20/F12","v":{"v":0.03183165778738771,"d":"3.18%"}},{"v":2448,"d":"$2,448.00"},{"$f":"O20/F12","v":{"v":0.02728427810347518,"d":"2.73%"}},{"v":0.05911593589086289,"d":"5.91%"}]
[null,null,"502: Bens e Serviços Correntes","5022502: Formação e Palestras","Palestra",{"v":2280,"d":"$2,280.00"},null,{"v":570,"d":"$570"},{"v":570,"d":"$570"},{"v":570,"d":"$570"},{"v":0,"d":"$0"},null,{"$f":"SUM(H21:K21)","v":{"v":1710,"d":"$1,710.00"}},{"$f":"M21/F12","v":{"v":0.01905887073404516,"d":"1.91%"}},{"v":570,"d":"$570.00"},{"$f":"O21/F12","v":{"v":0.006352956911348387,"d":"0.64%"}},{"v":0.02541182764539355,"d":"2.54%"}]
[null,null,"502: Bens e Serviços Correntes","5022601: Representação","Representasun",{"v":2000,"d":"$2,000.00"},null,{"v":500,"d":"$500"},{"v":500,"d":"$500"},{"v":0,"d":"$0"},{"v":0,"d":"$0"},null,{"$f":"SUM(H22:K22)","v":{"v":1000,"d":"$1,000.00"}},{"$f":"M22/F12","v":{"v":0.011145538440962083,"d":"1.11%"}},{"v":1000,"d":"$1,000.00"},{"$f":"O22/F12","v":{"v":0.011145538440962083,"d":"1.11%"}},{"v":0.022291076881924166,"d":"2.23%"}]
[null,null,"TOTAL",{"$nulls":4},{"$f":"SUM(H13:H22)","v":{"v":17761.5,"d":"$17,761.50"}},{"$f":"SUM(I13:I22)","v":{"v":18489.5,"d":"$18,489.50"}},{"$f":"SUM(J13:J22)","v":{"v":12462,"d":"$12,462.00"}},{"v":0,"d":"$0.00"},null,{"$f":"SUM(M13:M22)","v":{"v":52228,"d":"$52,228.00"}},{"$f":"SUM(N13:N22)","v":{"v":0.5821091816945676,"d":"58.21%"}},{"$f":"SUM(O13:O22)","v":{"v":37494,"d":"$37,494.00"}},{"$f":"SUM(P13:P22)","v":{"v":0.4178908183054324,"d":"41.79%"}},{"$f":"SUM(Q13:Q22)","v":{"v":1,"d":"100.00%"}}]
[null,null,"TOTAL",{"$nulls":9},{"$f":"M23+O23","v":{"v":89722,"d":"$89,722.00"}}]
[]
[]
[null,"  ","Ainaro,….../...../2024",{"$nulls":5},"Cek Husi"]
[null,null,"Prepara Husi"]
[]
[]
[null,null,"(Rita da Costa)",{"$nulls":5},"(Feliciano da Conceição Verdial, Lic. CSH)"]
[null,null,"Offecial Finanças",{"$nulls":5},"Director SMASA"]

{"sheet":"Sheet3","index":1,"n_rows":32,"n_cols":21,"rows_kept":32,"hidden":true,"merged":[[9,2,9,16],[10,2,11,2],[10,3,11,3],[10,4,11,4],[10,6,11,6],[10,7,10,10],[10,11,11,11],[10,12,11,12],[10,13,11,13],[10,14,11,14],[10,15,11,15],[10,16,11,16],[22,2,22,6],[23,2,23,10],[23,12,23,16],[26,2,26,3],[26,8,26,13],[27,2,27,3],[30,2,30,3],[30,8,30,13],[31,2,31,3],[31,8,31,13]]}
{"$rows_empty":9}
[null,null,"ORSAMENTO ANUAL 2024"]
[null,null,"Kategori Osan","Subrubica","Justifikasaun","Custo Annual","Viroment","uza",{"$nulls":3},"Sal Decimo Terceiro","Total","Perc. Actual (%)","Balansu Orsamento","Perc. balansu (%)","OBS"]
[{"$nulls":5},{"$f":"SUM(F13:F22)","v":{"v":89722,"d":"$89,722.00"}},null,"QI","QII","QIII","QIV",{"$nulls":8},"Alokasaun Orsamento ba SV ","Ezekusaun QI"]
[null,null,"502: Bens e Serviços Correntes","50101: Salario","Salario",{"v":67390,"d":"$67,390.00"},null,{"v":13798.5,"d":"$13,798.50"},{"v":13798.5,"d":"$13,798.50"},{"v":9199,"d":"$9,199.00"},0,{"v":3515,"d":"$3,515.00"},{"$f":"SUM(H13:L13)","v":{"v":40311,"d":"$40,311.00"}},{"$f":"SUM(M13/F12)","v":{"v":0.4492878000936225,"d":"44.93%"}},{"$f":"F13-M13","v":{"v":27079,"d":"$27,079.00"}},{"$f":"O13/F12","v":{"v":0.30181003544281226,"d":"30.18%"}},{"$f":"P13+N13","v":{"v":0.7510978355364348,"d":"75.11%"}},null,null,{"$f":"F13","v":{"v":67390,"d":"$67,390.00"}},{"$f":"H13","v":{"v":13798.5,"d":"$13,798.50"}}]
[null,null,"502: Bens e Serviços Correntes","5020404: Outros Bens Públicos","Utilitis",{"v":3000,"d":"$3,000.00"},null,{"v":200,"d":"$200"},{"v":250,"d":"$250"},{"v":250,"d":"$250"},{"v":0,"d":"$0"},null,{"$f":"SUM(H14:K14)","v":{"v":700,"d":"$700.00"}},{"$f":"M14/F12","v":{"v":0.007801876908673458,"d":"0.78%"}},{"v":2300,"d":"$2,300.00"},{"$f":"O14/F12","v":{"v":0.02563473841421279,"d":"2.56%"}},{"$f":"P14+N14","v":{"v":0.03343661532288625,"d":"3.34%"}}]
[null,null,"502: Bens e Serviços Correntes","5020801: Material Agrícola","Toner",{"v":1000,"d":"$1,000.00"},null,null,{"v":250,"d":"$250"},{"v":250,"d":"$250"},{"v":0,"d":"$0"},null,{"$f":"SUM(H15:K15)","v":{"v":500,"d":"$500.00"}},{"$f":"M15/F12","v":{"v":0.005572769220481041,"d":"0.56%"}},{"v":500,"d":"$500.00"},{"$f":"O15/F12","v":{"v":0.005572769220481041,"d":"0.56%"}},{"$f":"P15+N15","v":{"v":0.011145538440962083,"d":"1.11%"}}]
[null,null,"502: Bens e Serviços Correntes","5020901: Material de Escrítorio","AKT",{"v":2000,"d":"$2,000.00"},null,{"v":500,"d":"$500"},{"v":500,"d":"$500"},{"v":0,"d":"$0"},{"v":0,"d":"$0"},null,{"$f":"SUM(H16:K16)","v":{"v":1000,"d":"$1,000.00"}},{"$f":"M16/F12","v":{"v":0.011145538440962083,"d":"1.11%"}},{"v":1000,"d":"$1,000.00"},{"$f":"O16/F12","v":{"v":0.011145538440962083,"d":"1.11%"}},{"v":0.022291076881924166,"d":"2.23%"}]
[null,null,"502: Bens e Serviços Correntes","5021002: Combustível para Veículos","Kombustivel",{"v":2548,"d":"$2,548.00"},null,{"v":637,"d":"$637"},{"v":637,"d":"$637"},{"v":637,"d":"$637"},{"v":0,"d":"$0"},null,{"$f":"SUM(H17:K17)","v":{"v":1911,"d":"$1,911.00"}},{"$f":"M17/F12","v":{"v":0.02129912396067854,"d":"2.13%"}},{"v":637,"d":"$637.00"},{"$f":"O17/F12","v":{"v":0.007099707986892847,"d":"0.71%"}},{"v":0.02839883194757139,"d":"2.84%"}]
[null,null,"502: Bens e Serviços Correntes","5021701: Manutenção de veículos","Manutensao Kareta",{"v":1200,"d":"$1,200.00"},null,{"v":0,"d":"$0"},{"v":0,"d":"$0"},{"v":0,"d":"$0"},{"v":0,"d":"$0"},null,{"$f":"SUM(H18:K18)","v":{"v":0,"d":"$0.00"}},{"v":0,"d":"0.00%"},{"v":1200,"d":"$1,200.00"},{"$f":"O18/F12","v":{"v":0.0133746461291545,"d":"1.34%"}},{"v":0.0133746461291545,"d":"1.34%"}]
[null,null,"502: Bens e Serviços Correntes","5022001: Transportes Nacionais","Viagem",{"v":3000,"d":"$3,000.00"},null,{"v":740,"d":"$740"},{"v":760,"d":"$760"},{"v":740,"d":"$740"},{"v":0,"d":"$0"},null,{"$f":"SUM(H19:K19)","v":{"v":2240,"d":"$2,240.00"}},{"$f":"M19/F12","v":{"v":0.024966006107755064,"d":"2.50%"}},{"v":760,"d":"$760.00"},{"$f":"O19/F12","v":{"v":0.008470609215131182,"d":"0.85%"}},{"v":0.03343661532288625,"d":"3.34%"}]
[null,null,"502: Bens e Serviços Correntes","5022201: Assisténcia Técnica","Salario Kazuais",{"v":5304,"d":"$5,304.00"},null,{"$f":"136*3*2","v":{"v":816,"d":"$816"}},{"v":1224,"d":"$1,224"},{"$f":"136*3*2","v":{"v":816,"d":"$816"}},{"v":0,"d":"$0"},null,{"$f":"SUM(H20:K20)","v":{"v":2856,"d":"$2,856.00"}},{"$f":"M20/F12","v":{"v":0.03183165778738771,"d":"3.18%"}},{"v":2448,"d":"$2,448.00"},{"$f":"O20/F12","v":{"v":0.02728427810347518,"d":"2.73%"}},{"v":0.05911593589086289,"d":"5.91%"}]
[null,null,"502: Bens e Serviços Correntes","5022502: Formação e Palestras","Palestra",{"v":2280,"d":"$2,280.00"},null,{"v":570,"d":"$570"},{"v":570,"d":"$570"},{"v":570,"d":"$570"},{"v":0,"d":"$0"},null,{"$f":"SUM(H21:K21)","v":{"v":1710,"d":"$1,710.00"}},{"$f":"M21/F12","v":{"v":0.01905887073404516,"d":"1.91%"}},{"v":570,"d":"$570.00"},{"$f":"O21/F12","v":{"v":0.006352956911348387,"d":"0.64%"}},{"v":0.02541182764539355,"d":"2.54%"}]
[null,null,"502: Bens e Serviços Correntes","5022601: Representação","Representasun",{"v":2000,"d":"$2,000.00"},null,{"v":500,"d":"$500"},{"v":500,"d":"$500"},{"v":0,"d":"$0"},{"v":0,"d":"$0"},null,{"$f":"SUM(H22:K22)","v":{"v":1000,"d":"$1,000.00"}},{"$f":"M22/F12","v":{"v":0.011145538440962083,"d":"1.11%"}},{"v":1000,"d":"$1,000.00"},{"$f":"O22/F12","v":{"v":0.011145538440962083,"d":"1.11%"}},{"v":0.022291076881924166,"d":"2.23%"}]
[null,null,"TOTAL",{"$nulls":4},{"$f":"SUM(H13:H22)","v":{"v":17761.5,"d":"$17,761.50"}},{"$f":"SUM(I13:I22)","v":{"v":18489.5,"d":"$18,489.50"}},{"$f":"SUM(J13:J22)","v":{"v":12462,"d":"$12,462.00"}},{"v":0,"d":"$0.00"},null,{"$f":"SUM(M13:M22)","v":{"v":52228,"d":"$52,228.00"}},{"$f":"SUM(N13:N22)","v":{"v":0.5821091816945676,"d":"58.21%"}},{"$f":"SUM(O13:O22)","v":{"v":37494,"d":"$37,494.00"}},{"$f":"SUM(P13:P22)","v":{"v":0.4178908183054324,"d":"41.79%"}},{"$f":"SUM(Q13:Q22)","v":{"v":1,"d":"100.00%"}}]
[null,null,"TOTAL",{"$nulls":9},{"$f":"M23+O23","v":{"v":89722,"d":"$89,722.00"}}]
[]
[]
[null,"  ","Ainaro,….../...../2024",{"$nulls":5},"Cek Husi"]
[null,null,"Prepara Husi"]
[]
[]
[null,null,"(Rita da Costa)",{"$nulls":5},"(Feliciano da Conceição Verdial, Lic. CSH)"]
[null,null,"Offecial Finanças",{"$nulls":5},"Director SMASA"]

{"sheet":"Sheet1 (3)","index":2,"n_rows":58,"n_cols":24,"rows_kept":58,"hidden":true,"merged":[[9,2,9,15],[10,2,11,2],[10,3,11,3],[10,5,11,5],[10,6,10,9],[10,10,11,10],[10,11,11,11],[10,12,11,12],[10,13,11,13],[10,14,11,14],[10,15,11,15],[23,2,23,5],[24,2,24,9],[24,11,24,15],[27,7,27,12],[31,7,31,12],[32,7,32,12],[47,3,48,5],[47,6,48,6],[47,7,48,7]]}
{"$rows_empty":9}
[null,null,"ORSAMENTO ANUAL 2024"]
[null,null,"Kategori Osan","Justifikasaun","Custo Annual","Viroment","uza",{"$nulls":3},"Sal Decimo Terceiro","Total","Perc. Actual (%)","Balansu Orsamento","Perc. balansu (%)","OBS"]
[{"$nulls":4},{"$f":"SUM(E13:E22)","v":{"v":89722,"d":"$89,722.00"}},null,"QI","QII","QIII","QIV",{"$nulls":8},"Alokasaun Orsamento ba SV ","Ezekusaun SV QI"]
[null,null,"502: Bens e Serviços Correntes","Salario",{"v":67390,"d":"$67,390.00"},null,{"v":13798.5,"d":"$13,798.50"},{"$f":"G13","v":{"v":13798.5,"d":"$13,798.50"}},0,0,0,{"$f":"SUM(G13:K13)","v":{"v":27597,"d":"$27,597.00"}},{"$f":"SUM(L13/E13)","v":{"v":0.4095117970025226,"d":"40.95%"}},{"$f":"E13-L13","v":{"v":39793,"d":"$39,793.00"}},{"$f":"N13/E13","v":{"v":0.5904882029974774,"d":"59.05%"}},{"$f":"O13+M13","v":{"v":1,"d":"100.00%"}},null,null,{"v":67390,"d":"$67,390.00"},{"v":13798.5,"d":"$13,798.50"}]
[null,null,"502: Bens e Serviços Correntes","Utilitis",{"v":3000,"d":"$3,000.00"},{"$f":"E14/#REF!","v":{"$error":"#REF!"}},{"v":200,"d":"$200"},{"v":250,"d":"$250"},{"v":0,"d":"$0"},{"v":0,"d":"$0"},null,{"$f":"SUM(G14:J14)","v":{"v":450,"d":"$450.00"}},{"$f":"L14/E23","v":{"v":0.02015045674368619,"d":"2.02%"}},{"v":2550,"d":"$2,550.00"},{"$f":"N14/E23","v":{"v":0.11418592154755508,"d":"11.42%"}},{"$f":"O14+M14","v":{"v":0.13433637829124126,"d":"13.43%"}},null,null,{"$f":"100%-T14","v":{"v":0.7952,"d":"79.52%"}},{"v":0.2048,"d":"20.48%"}]
[null,null,"502: Bens e Serviços Correntes","Toner",{"v":1000,"d":"$1,000.00"},{"$f":"E15/#REF!","v":{"$error":"#REF!"}},null,{"v":250,"d":"$250"},{"v":0,"d":"$0"},{"v":0,"d":"$0"},null,{"$f":"SUM(G15:J15)","v":{"v":250,"d":"$250.00"}},{"$f":"L15/E23","v":{"v":0.011194698190936773,"d":"1.12%"}},{"v":750,"d":"$750.00"},{"$f":"N15/E23","v":{"v":0.033584094572810315,"d":"3.36%"}},{"$f":"O15+M15","v":{"v":0.04477879276374709,"d":"4.48%"}}]
[null,null,"502: Bens e Serviços Correntes","AKT",{"v":2000,"d":"$2,000.00"},{"$f":"E16/#REF!","v":{"$error":"#REF!"}},{"v":500,"d":"$500"},{"v":500,"d":"$500"},{"v":0,"d":"$0"},{"v":0,"d":"$0"},null,{"$f":"SUM(G16:J16)","v":{"v":1000,"d":"$1,000.00"}},{"$f":"L16/E23","v":{"v":0.04477879276374709,"d":"4.48%"}},{"v":1000,"d":"$1,000.00"},{"$f":"N16/E23","v":{"v":0.04477879276374709,"d":"4.48%"}},{"v":0.08955758552749418,"d":"8.96%"}]
[null,null,"502: Bens e Serviços Correntes","Kombustivel",{"v":2548,"d":"$2,548.00"},{"$f":"E17/#REF!","v":{"$error":"#REF!"}},{"v":637,"d":"$637"},{"v":637,"d":"$637"},{"v":0,"d":"$0"},{"v":0,"d":"$0"},null,{"$f":"SUM(G17:J17)","v":{"v":1274,"d":"$1,274.00"}},{"$f":"L17/E23","v":{"v":0.057048181981013794,"d":"5.70%"}},{"v":1274,"d":"$1,274.00"},{"$f":"N17/E23","v":{"v":0.057048181981013794,"d":"5.70%"}},{"v":0.11409636396202759,"d":"11.41%"},null,null,"Alokasaun Orsamento ba BS","Ezekusaun BS QI"]
[null,null,"502: Bens e Serviços Correntes","Manutensao Kareta",{"v":1200,"d":"$1,200.00"},{"$f":"E18/#REF!","v":{"$error":"#REF!"}},{"v":0,"d":"$0"},{"v":0,"d":"$0"},{"v":0,"d":"$0"},{"v":0,"d":"$0"},null,{"$f":"SUM(G18:J18)","v":{"v":0,"d":"$0.00"}},{"$f":"L18/E23","v":{"v":0,"d":"0.00%"}},{"v":1200,"d":"$1,200.00"},{"$f":"N18/E23","v":{"v":0.05373455131649651,"d":"5.37%"}},{"v":0.05373455131649651,"d":"5.37%"},null,null,{"v":22332,"d":"$22,332.00"},{"v":3963,"d":"$3,963.00"}]
[null,null,"502: Bens e Serviços Correntes","Viagem",{"v":3000,"d":"$3,000.00"},{"$f":"E19/#REF!","v":{"$error":"#REF!"}},{"v":740,"d":"$740"},{"v":760,"d":"$760"},{"v":0,"d":"$0"},{"v":0,"d":"$0"},null,{"$f":"SUM(G19:J19)","v":{"v":1500,"d":"$1,500.00"}},{"$f":"L19/E23","v":{"v":0.06716818914562063,"d":"6.72%"}},{"v":1500,"d":"$1,500.00"},{"$f":"N19/E23","v":{"v":0.06716818914562063,"d":"6.72%"}},{"v":0.13433637829124126,"d":"13.43%"}]
[null,null,"502: Bens e Serviços Correntes","Salario Kazuais",{"v":5304,"d":"$5,304.00"},{"$f":"E20/#REF!","v":{"$error":"#REF!"}},{"$f":"136*3*2","v":{"v":816,"d":"$816"}},{"$f":"136*3*3","v":{"v":1224,"d":"$1,224"}},{"v":0,"d":"$0"},{"v":0,"d":"$0"},null,{"$f":"SUM(G20:J20)","v":{"v":2040,"d":"$2,040.00"}},{"$f":"L20/E23","v":{"v":0.09134873723804406,"d":"9.13%"}},{"v":3264,"d":"$3,264.00"},{"$f":"N20/E23","v":{"v":0.1461579795808705,"d":"14.62%"}},{"v":0.23750671681891455,"d":"23.75%"}]
[null,null,"502: Bens e Serviços Correntes","Palestra",{"v":2280,"d":"$2,280.00"},{"$f":"E21/#REF!","v":{"$error":"#REF!"}},{"v":570,"d":"$570"},{"v":570,"d":"$570"},{"v":0,"d":"$0"},{"v":0,"d":"$0"},null,{"$f":"SUM(G21:J21)","v":{"v":1140,"d":"$1,140.00"}},{"$f":"L21/E23","v":{"v":0.051047823750671684,"d":"5.10%"}},{"v":1140,"d":"$1,140.00"},{"$f":"N21/E23","v":{"v":0.051047823750671684,"d":"5.10%"}},{"v":0.10209564750134337,"d":"10.21%"},null,"Utilitis",{"v":3000,"d":"$3,000.00"},450,{"$f":"T21/S30","v":{"v":0.02015045674368619,"d":"2.02%"}}]
[null,null,"502: Bens e Serviços Correntes","Representasun",{"v":2000,"d":"$2,000.00"},{"$f":"E22/#REF!","v":{"$error":"#REF!"}},{"v":500,"d":"$500"},{"v":500,"d":"$500"},{"v":0,"d":"$0"},{"v":0,"d":"$0"},null,{"$f":"SUM(G22:J22)","v":{"v":1000,"d":"$1,000.00"}},{"$f":"L22/E23","v":{"v":0.04477879276374709,"d":"4.48%"}},{"v":1000,"d":"$1,000.00"},{"$f":"N22/E23","v":{"v":0.04477879276374709,"d":"4.48%"}},{"v":0.08955758552749418,"d":"8.96%"},null,"Toner",{"v":1000,"d":"$1,000.00"},250,{"$f":"T22/S30","v":{"v":0.011194698190936773,"d":"1.12%"}}]
[{"$nulls":3},"BS",{"$f":"SUM(E14:E22)","v":{"v":22332,"d":"$22,332.00"}},{"$nulls":10},{"$f":"SUM(P14:P22)","v":{"v":1,"d":"100.00%"}},null,"AKT",{"v":2000,"d":"$2,000.00"},1000,{"$f":"T23/S30","v":{"v":0.04477879276374709,"d":"4.48%"}}]
[null,null,"TOTAL",{"$nulls":8},{"$f":"SUM(L14:L22)","v":{"v":8654,"d":"$8,654.00"}},{"$f":"SUM(M14:M22)","v":{"v":0.3875156725774673,"d":"38.75%"}},{"$f":"SUM(N14:N22)","v":{"v":13678,"d":"$13,678.00"}},{"$f":"SUM(O14:O22)","v":{"v":0.6124843274225327,"d":"61.25%"}},{"$f":"SUM(P13:P23)","v":{"v":3,"d":"300.00%"}},null,"Kombustivel",{"v":2548,"d":"$2,548.00"},1274,{"$f":"T24/S30","v":{"v":0.057048181981013794,"d":"5.70%"}}]
[null,null,"TOTAL",{"$nulls":8},{"$f":"L24+N24","v":{"v":22332,"d":"$22,332.00"}},{"$nulls":5},"Manutensao Kareta",{"v":1200,"d":"$1,200.00"},0,{"$f":"T25/S30","v":{"v":0,"d":"0.00%"}}]
[{"$nulls":17},"Viagem",{"v":3000,"d":"$3,000.00"},1500,{"$f":"T26/S30","v":{"v":0.06716818914562063,"d":"6.72%"}}]
[{"$nulls":17},"Salario Kazuais",{"v":5304,"d":"$5,304.00"},2040,{"$f":"T27/S30","v":{"v":0.09134873723804406,"d":"9.13%"}}]
[null,"  ","Ainaro,….../...../2024",{"$nulls":4},"Cek Husi",{"$nulls":9},"Palestra",{"v":2280,"d":"$2,280.00"},1140,{"$f":"T28/S30","v":{"v":0.051047823750671684,"d":"5.10%"}}]
[null,null,"Prepara Husi",{"$nulls":14},"Representasun",{"v":2000,"d":"$2,000.00"},100,{"$f":"T29/S30","v":{"v":0.004477879276374709,"d":"0.45%"}}]
[{"$nulls":18},{"$f":"SUM(S21:S29)","v":{"v":22332,"d":"$22,332.00"}}]
[]
[null,null,"(Rita da Costa)",{"$nulls":4},"(Feliciano da Conceição Verdial, Lic. CSH)"]
[null,null,"Offecial Finanças",{"$nulls":4},"Director SMASA"]
[{"$nulls":21},"Utilitis",200,{"$f":"W34/22332","v":{"v":0.008955758552749419,"d":"0.90%"}}]
[{"$nulls":21},"Toner",null,{"$f":"W35/22332","v":{"v":0,"d":"0.00%"}}]
[{"$nulls":21},"AKT",500,{"v":0.022389396381873546,"d":"2.24%"}]
[{"$nulls":21},"Kombustivel",637,{"v":0.028524090990506897,"d":"2.85%"}]
[{"$nulls":21},"Manutensao Kareta",null,{"v":0,"d":"0.00%"}]
[{"$nulls":21},"Viagem",740,{"v":0.03313630664517284,"d":"3.31%"}]
[{"$nulls":21},"Salario Kazuais",816,{"v":0.03653949489521763,"d":"3.65%"}]
[{"$nulls":21},"Palestra",570,{"v":0.025523911875335842,"d":"2.55%"}]
[{"$nulls":3},"Naran Posto","Total Uma Kain","Total Ema","Uma Kain Assesu Ba Be'e (%)","Uma Kain Seidauk Assesu Ba Be'e (%)","Be'e Matan ","Total Sistema"," Uma Kain Assesu Ba Be'e mo''os (%)"," Uma Kain seidauk Assesu Ba Be'e mo''os (%)",{"$nulls":9},"Representasun",500,{"v":0.022389396381873546,"d":"2.24%"}]
[{"$nulls":3},"Ainaro",3498,17836,{"v":3411,"d":"3,411.00"},{"$f":"E43-G43","v":{"v":87,"d":"87.00"}},24,31,{"$f":"G43/E43","v":{"v":0.9751286449399656,"d":"97.51%"}},{"$f":"H43/E43","v":{"v":0.024871355060034305,"d":"2.49%"}}]
[{"$nulls":3},"Hato-Udo",3318,11668,{"v":2218,"d":"2,218.00"},{"$f":"E44-G44","v":{"v":1100,"d":"1,100.00"}},19,18,{"$f":"G44/E44","v":{"v":0.6684749849306811,"d":"66.85%"}},{"$f":"H44/E44","v":{"v":0.33152501506931886,"d":"33.15%"}}]
[{"$nulls":3},"Hato-Builico",2574,15184,{"v":1326,"d":"1,326.00"},{"$f":"E45-G45","v":{"v":1248,"d":"1,248.00"}},22,30,{"v":0.5151515151515151,"d":"51.52%"},{"v":0.48484848484848486,"d":"48.48%"}]
[{"$nulls":3},"Maubisse",6415,28427,{"v":4554,"d":"4,554.00"},{"$f":"E46-G46","v":{"v":1861,"d":"1,861.00"}},23,40,{"v":0.7098986749805144,"d":"70.99%"},{"v":0.2901013250194856,"d":"29.01%"}]
[{"$nulls":3},"Total",{"$f":"SUM(E43:E46)","v":15805},73115,{"v":11509,"d":"11,509.00"},{"v":4296,"d":"4,296.00"},88,119]
[{"$nulls":3},"Percentagen Assesu ba Bemo'os a Nivel Municipiu",null,null,{"$f":"G47/E47","v":{"v":0.7281872825055362,"d":"72.82%"}},{"$f":"H47/E47","v":{"v":0.2718127174944638,"d":"27.18%"}}]
[]
[]
[]
[]
[]
[{"$nulls":3},"Naran Posto"," Uma Kain Assesu Ba Be'e mo''os (%)"," Uma Kain seidauk Assesu Ba Be'e mo''os (%)",null,"Municipiu"," Uma Kain Assesu Ba Be'e mo''os (%)"," Uma Kain seidauk Assesu Ba Be'e mo''os (%)"]
[{"$nulls":3},"Ainaro",{"$f":"3411/3498","v":{"v":0.9751286449399656,"d":"97.51%"}},{"$f":"87/3498","v":{"v":0.024871355060034305,"d":"2.49%"}},null,"Ainaro",{"$f":"G48","v":{"v":0.7281872825055362,"d":"72.82%"}},{"$f":"H48","v":{"v":0.2718127174944638,"d":"27.18%"}}]
[{"$nulls":3},"Hato-Udo",{"$f":"2218/3318","v":{"v":0.6684749849306811,"d":"66.85%"}},{"$f":"1100/3318","v":{"v":0.33152501506931886,"d":"33.15%"}}]
[{"$nulls":3},"Hato-Builico",{"$f":"1326/2574","v":{"v":0.5151515151515151,"d":"51.52%"}},{"$f":"1248/2574","v":{"v":0.48484848484848486,"d":"48.48%"}}]
[{"$nulls":3},"Maubisse",{"$f":"4554/6415","v":{"v":0.7098986749805144,"d":"70.99%"}},{"$f":"1861/6415","v":{"v":0.2901013250194856,"d":"29.01%"}}]

{"sheet":"Sheet1 (2)","index":3,"n_rows":31,"n_cols":16,"rows_kept":31,"hidden":true,"merged":[[7,1,8,15],[9,1,10,1],[9,2,10,2],[9,3,10,3],[9,5,10,5],[9,6,9,9],[9,10,10,10],[9,11,10,11],[9,12,10,12],[9,13,10,13],[9,14,10,14],[9,15,10,15],[21,1,21,5],[22,1,22,9],[22,10,22,15],[25,1,25,2],[25,7,25,12],[26,1,26,2],[29,1,29,2],[29,7,29,12],[30,1,30,2],[30,7,30,12]]}
{"$rows_empty":7}
[null,"ORSAMENTO ANUAL 2024"]
[]
[null,"Kategori Osan","Subrubica","Justifikasaun","Custo Annual","Viroment","uza",{"$nulls":3},"Sal Decimo Terceiro","Total","Perc. Actual (%)","Balansu Orsamento","Perc. balansu (%)","OBS"]
[{"$nulls":4},{"$f":"SUM(E12:E21)","v":{"v":89722,"d":"$89,722.00"}},null,"QI","QII","QIII","QIV"]
[null,"502: Bens e Serviços Correntes","50101: Salario","Salario",{"v":67390,"d":"$67,390.00"},null,{"v":13798.5,"d":"$13,798.50"},{"v":13798.5,"d":"$13,798.50"},{"$f":"4599.5*2","v":{"v":9199,"d":"$9,199.00"}},0,0,{"$f":"SUM(G12:K12)","v":{"v":36796,"d":"$36,796.00"}},{"$f":"SUM(L12/E11)","v":{"v":0.4101112324736408,"d":"41.01%"}},{"$f":"E12-L12","v":{"v":30594,"d":"$30,594.00"}},{"$f":"N12/E11","v":{"v":0.34098660306279394,"d":"34.10%"}},{"$f":"O12+M12","v":{"v":0.7510978355364347,"d":"75.11%"}}]
[null,"502: Bens e Serviços Correntes","5020404: Outros Bens Públicos","Utilitis",{"v":3000,"d":"$3,000.00"},null,{"v":200,"d":"$200"},{"v":250,"d":"$250"},{"v":250,"d":"$250"},{"v":0,"d":"$0"},null,{"$f":"SUM(G13:J13)","v":{"v":700,"d":"$700.00"}},{"$f":"L13/E11","v":{"v":0.007801876908673458,"d":"0.78%"}},{"v":2300,"d":"$2,300.00"},{"$f":"N13/E11","v":{"v":0.02563473841421279,"d":"2.56%"}},{"$f":"O13+M13","v":{"v":0.03343661532288625,"d":"3.34%"}}]
[null,"502: Bens e Serviços Correntes","5020801: Material Agrícola","Toner",{"v":1000,"d":"$1,000.00"},null,null,{"v":250,"d":"$250"},{"v":0,"d":"$0"},{"v":0,"d":"$0"},null,{"$f":"SUM(G14:J14)","v":{"v":250,"d":"$250.00"}},{"$f":"L14/E11","v":{"v":2.7863846102405207E-3,"d":"0.28%"}},{"v":750,"d":"$750.00"},{"$f":"N14/E11","v":{"v":0.008359153830721562,"d":"0.84%"}},{"$f":"O14+M14","v":{"v":0.011145538440962083,"d":"1.11%"}}]
[null,"502: Bens e Serviços Correntes","5020901: Material de Escrítorio","AKT",{"v":2000,"d":"$2,000.00"},null,{"v":500,"d":"$500"},{"v":500,"d":"$500"},{"v":0,"d":"$0"},{"v":0,"d":"$0"},null,{"$f":"SUM(G15:J15)","v":{"v":1000,"d":"$1,000.00"}},{"$f":"L15/E11","v":{"v":0.011145538440962083,"d":"1.11%"}},{"v":1000,"d":"$1,000.00"},{"$f":"N15/E11","v":{"v":0.011145538440962083,"d":"1.11%"}},{"v":0.022291076881924166,"d":"2.23%"}]
[null,"502: Bens e Serviços Correntes","5021002: Combustível para Veículos","Kombustivel",{"v":2548,"d":"$2,548.00"},null,{"v":637,"d":"$637"},{"v":637,"d":"$637"},{"v":637,"d":"$637"},{"v":0,"d":"$0"},null,{"$f":"SUM(G16:J16)","v":{"v":1911,"d":"$1,911.00"}},{"$f":"L16/E11","v":{"v":0.02129912396067854,"d":"2.13%"}},{"v":637,"d":"$637.00"},{"$f":"N16/E11","v":{"v":0.007099707986892847,"d":"0.71%"}},{"v":0.02839883194757139,"d":"2.84%"}]
[null,"502: Bens e Serviços Correntes","5021701: Manutenção de veículos","Manutensao Kareta",{"v":1200,"d":"$1,200.00"},null,{"v":0,"d":"$0"},{"v":0,"d":"$0"},{"v":0,"d":"$0"},{"v":0,"d":"$0"},null,{"$f":"SUM(G17:J17)","v":{"v":0,"d":"$0.00"}},{"v":0,"d":"0.00%"},{"v":1200,"d":"$1,200.00"},{"$f":"N17/E11","v":{"v":0.0133746461291545,"d":"1.34%"}},{"v":0.0133746461291545,"d":"1.34%"}]
[null,"502: Bens e Serviços Correntes","5022001: Transportes Nacionais","Viagem",{"v":3000,"d":"$3,000.00"},null,{"v":750,"d":"$750"},{"v":750,"d":"$750"},{"v":0,"d":"$0"},{"v":0,"d":"$0"},null,{"$f":"SUM(G18:J18)","v":{"v":1500,"d":"$1,500.00"}},{"$f":"L18/E11","v":{"v":0.016718307661443124,"d":"1.67%"}},{"v":1500,"d":"$1,500.00"},{"$f":"N18/E11","v":{"v":0.016718307661443124,"d":"1.67%"}},{"v":0.03343661532288625,"d":"3.34%"}]
[null,"502: Bens e Serviços Correntes","5022201: Assisténcia Técnica","Salario Kazuais",{"v":5304,"d":"$5,304.00"},null,{"$f":"136*3*2","v":{"v":816,"d":"$816"}},{"v":1224,"d":"$1,224"},{"$f":"136*3*2","v":{"v":816,"d":"$816"}},{"v":0,"d":"$0"},null,{"$f":"SUM(G19:J19)","v":{"v":2856,"d":"$2,856.00"}},{"$f":"L19/E11","v":{"v":0.03183165778738771,"d":"3.18%"}},{"v":2448,"d":"$2,448.00"},{"$f":"N19/E11","v":{"v":0.02728427810347518,"d":"2.73%"}},{"v":0.05911593589086289,"d":"5.91%"}]
[null,"502: Bens e Serviços Correntes","5022502: Formação e Palestras","Palestra",{"v":2280,"d":"$2,280.00"},null,{"v":570,"d":"$570"},{"v":570,"d":"$570"},{"v":0,"d":"$0"},{"v":0,"d":"$0"},null,{"$f":"SUM(G20:J20)","v":{"v":1140,"d":"$1,140.00"}},{"$f":"L20/E11","v":{"v":0.012705913822696775,"d":"1.27%"}},{"v":1140,"d":"$1,140.00"},{"$f":"N20/E11","v":{"v":0.012705913822696775,"d":"1.27%"}},{"v":0.02541182764539355,"d":"2.54%"}]
[null,"502: Bens e Serviços Correntes","5022601: Representação","Representasun",{"v":2000,"d":"$2,000.00"},null,{"v":500,"d":"$500"},{"v":500,"d":"$500"},{"v":0,"d":"$0"},{"v":0,"d":"$0"},null,{"$f":"SUM(G21:J21)","v":{"v":1000,"d":"$1,000.00"}},{"$f":"L21/E11","v":{"v":0.011145538440962083,"d":"1.11%"}},{"v":1000,"d":"$1,000.00"},{"$f":"N21/E11","v":{"v":0.011145538440962083,"d":"1.11%"}},{"v":0.022291076881924166,"d":"2.23%"}]
[null,"TOTAL",{"$nulls":4},{"$f":"SUM(G12:G21)","v":{"v":17771.5,"d":"$17,771.50"}},{"$f":"SUM(H12:H21)","v":{"v":18479.5,"d":"$18,479.50"}},{"$f":"SUM(I12:I21)","v":{"v":10902,"d":"$10,902.00"}},{"$f":"SUM(J12:J21)","v":{"v":0,"d":"$0.00"}},null,{"$f":"SUM(L12:L21)","v":{"v":47153,"d":"$47,153.00"}},{"$f":"SUM(M12:M21)","v":{"v":0.5255455741066851,"d":"52.55%"}},{"$f":"SUM(N12:N21)","v":{"v":42569,"d":"$42,569.00"}},{"$f":"SUM(O12:O21)","v":{"v":0.4744544258933149,"d":"47.45%"}},{"$f":"SUM(P12:P21)","v":{"v":1,"d":"100.00%"}}]
[null,"TOTAL",{"$nulls":8},{"$f":"L22+N22","v":{"v":89722,"d":"$89,722.00"}}]
[]
[]
["  ","Ainaro,….../...../2024",{"$nulls":5},"Cek Husi"]
[null,"Prepara Husi"]
[]
[]
[null,"(Rita da Costa)",{"$nulls":5},"(Feliciano da Conceição Verdial, Lic. CSH)"]
[null,"Offecial Finanças",{"$nulls":5},"Director SMASA"]

{"sheet":"Plano Exekusaun SV 2026","index":4,"n_rows":22,"n_cols":65,"rows_kept":22,"merged":[[9,0,9,64],[11,0,12,0],[11,1,12,1],[11,2,12,2],[11,3,12,3],[11,4,11,7],[11,8,11,11],[11,12,11,15],[11,16,12,16],[11,17,12,17],[11,18,12,18],[11,19,11,22],[11,23,11,26],[11,27,11,30],[11,31,12,31],[11,32,12,32],[11,33,12,33],[11,34,11,37],[11,38,11,41],[11,42,11,45],[11,46,12,46],[11,47,12,47],[11,48,12,48],[11,49,11,52],[11,53,11,56],[11,57,11,60],[11,61,12,61],[11,62,12,62],[11,63,12,63],[11,64,12,64],[20,1,20,2],[21,1,21,18],[22,1,22,18],[45,2,46,16]]}
{"$rows_empty":9}
["PLANO EZEKUSAUN ORSAMENTO SALARIO E VENCIMENTO KADA TRIMESTRE BA TINAN 2026"]
[]
["No","Kategori Osan","Programa","Actividade","Janeiro",{"$nulls":3},"Fevereiro",{"$nulls":3},"Marsu",{"$nulls":3},"Total Execusaun","Responsavel","Obs","Abril",{"$nulls":3},"Maio",{"$nulls":3},"Junho",{"$nulls":3},"Total Execusaun","Responsavel","Obs","Julho",{"$nulls":3},"Agusto",{"$nulls":3},"Setembro",{"$nulls":3},"Total Execusaun","Responsavel","Obs","Outubro",{"$nulls":3},"Novembro",{"$nulls":3},"Dezembro",{"$nulls":3},"Total Execusaun","Responsavel","Obs","Total Orsamento"]
[{"$nulls":4},"I","II","III","IV","I","II","III","IV","I","II","III","IV",{"$nulls":3},"I","II","III","IV","I","II","III","IV","I","II","III","IV",{"$nulls":3},"I","II","III","IV","I","II","III","IV","I","II","III","IV",{"$nulls":3},"I","II","III","IV","I","II","III","IV","I","II","III","IV"]
[1,"501: Salario e Vencimentos","5010103:  Salario de Titulares de Cargos de Direção e Chefia","Gestão dos jardins e parques nos aglomerados populacionais",{"$nulls":12},{"$f":"15312/4","v":{"v":3828,"d":"$3,828.00"}},"Director","Orsamento ida ne'e hodi selu Suplemento Cargo ba Chefe Departamento inklui Suplemento ba Cargo Director",{"$nulls":12},{"$f":"Q14","v":{"v":3828,"d":"$3,828.00"}},"Dir",{"$f":"S14","v":"Orsamento ida ne'e hodi selu Suplemento Cargo ba Chefe Departamento inklui Suplemento ba Cargo Director"},{"$nulls":12},{"$f":"AF14","v":{"v":3828,"d":"$3,828.00"}},"Dir",{"$f":"AH14","v":"Orsamento ida ne'e hodi selu Suplemento Cargo ba Chefe Departamento inklui Suplemento ba Cargo Director"},{"$nulls":12},{"$f":"AU14","v":{"v":3828,"d":"$3,828.00"}},"Dir",{"$f":"AW14","v":"Orsamento ida ne'e hodi selu Suplemento Cargo ba Chefe Departamento inklui Suplemento ba Cargo Director"},{"$f":"BJ14+AU14+AF14+Q14","v":{"v":15312,"d":"$15,312.00"}}]
[{"$f":"A14+1","v":2},"501: Salario e Vencimentos","5010104:  Salario de Funcionarios e Agentes","Gestão dos jardins e parques nos aglomerados populacionais",{"$nulls":12},{"$f":"19224/4","v":{"v":4806,"d":"$4,806.00"}},"Director","Orsameno ida ne'e hodi selu Salario Basico ba Funcionarios Permanente iha Diresaun SMASA",{"$nulls":12},{"$f":"19224/4","v":{"v":4806,"d":"$4,806.00"}},"Dir",{"$f":"S15","v":"Orsameno ida ne'e hodi selu Salario Basico ba Funcionarios Permanente iha Diresaun SMASA"},{"$nulls":12},{"$f":"19224/4","v":{"v":4806,"d":"$4,806.00"}},"Dir","Orsameno ida ne'e hodi selu Salario Basico ba Funcionarios Permanente iha Diresaun SMASA",{"$nulls":12},{"$f":"19224/4","v":{"v":4806,"d":"$4,806.00"}},"Dir",{"$f":"AW15","v":"Orsameno ida ne'e hodi selu Salario Basico ba Funcionarios Permanente iha Diresaun SMASA"},{"$f":"BJ15+AU15+AF15+Q15","v":{"v":19224,"d":"$19,224.00"}}]
[{"$f":"A15+1","v":3},"501: Salario e Vencimentos","5010205:  Subsidiu Mensal de Transporte","Gestão dos jardins e parques nos aglomerados populacionais",{"$nulls":12},{"$f":"(4200+975)/4","v":{"v":1293.75,"d":"$1,293.75"}},"Dir","Orsamento ida ne'e hodi selu Subsidiu Transporte ba Kargo Director  no Xefe Departamento nain 3 inklui Funcionarios  Permanente nain 4  iha Diresaun SMASA",{"$nulls":12},{"$f":"Q16","v":{"v":1293.75,"d":"$1,293.75"}},"Dir","Orsamento ida ne'e hodi selu Subsidiu Transporte ba Kargo Director  no Xefe Departamento nain 3 inklui Funcionarios  Permanente nain 4  iha Diresaun SMASA",{"$nulls":12},{"$f":"AF16","v":{"v":1293.75,"d":"$1,293.75"}},"Dir","Orsamento ida ne'e hodi selu Subsidiu Transporte ba Kargo Director  no Xefe Departamento nain 3 inklui Funcionarios  Permanente nain 4  iha Diresaun SMASA",{"$nulls":12},{"$f":"AU16","v":{"v":1293.75,"d":"$1,293.75"}},"Dir","Orsamento ida ne'e hodi selu Subsidiu Transporte ba Kargo Director  no Xefe Departamento nain 3 inklui Funcionarios  Permanente nain 4  iha Diresaun SMASA",{"$f":"Q16+AF16+AU16+BJ16","v":{"v":5175,"d":"$5,175.00"}}]
[{"$f":"A16+1","v":4},"501: Salario e Vencimentos","5010212: Abonos Variaveis ou Eventuais","Gestão dos jardins e parques nos aglomerados populacionais",{"$nulls":12},{"$f":"7980/4","v":{"v":1995,"d":"$1,995.00"}},"Dir","Orsamento ida ne'e hodi selu Subsidiu Reprezentasaun 50% ba Cargo Director no  Xefe Departamento nain 3 iha Diresaun SMASA",{"$nulls":12},{"$f":"Q17","v":{"v":1995,"d":"$1,995.00"}},"Dir","Orsamento ida ne'e hodi selu Subsidiu Reprezentasaun 50% ba Cargo Director no  Xefe Departamento nain 3 iha Diresaun SMASA",{"$nulls":12},{"$f":"AF17","v":{"v":1995,"d":"$1,995.00"}},"Dir","Orsamento ida ne'e hodi selu Subsidiu Reprezentasaun 50% ba Cargo Director no  Xefe Departamento nain 3 iha Diresaun SMASA",{"$nulls":12},{"$f":"AU17","v":{"v":1995,"d":"$1,995.00"}},"Dir",{"$f":"AW17","v":"Orsamento ida ne'e hodi selu Subsidiu Reprezentasaun 50% ba Cargo Director no  Xefe Departamento nain 3 iha Diresaun SMASA"},{"$f":"Q17+AF17+AU17+BJ17","v":{"v":7980,"d":"$7,980.00"}}]
[{"$f":"A17+1","v":5},"501: Salario e Vencimentos","5010105: Salario de Contratados Nacionais","Gestão dos jardins e parques nos aglomerados populacionais",{"$nulls":12},{"$f":"(4116+33096)/4","v":{"v":9303,"d":"$9,303.00"}},"Dir","Orsamento ida ne'e Preve hodi Selu Salario Kazuais nain 1, no Pessoal Saneamento nain12 inklui Motorista 1 iha Diresaun SM-ASA",{"$nulls":12},{"$f":"Q18","v":{"v":9303,"d":"$9,303.00"}},"Dir","Orsamento ida ne'e Preve hodi Selu Salario Kazuais nain 1, no Pessoal Saneamento nain12 inklui Motorista 1 iha Diresaun SM-ASA",{"$nulls":12},{"$f":"AF18","v":{"v":9303,"d":"$9,303.00"}},"Dir","Orsamento ida ne'e Preve hodi Selu Salario Kazuais nain 1, no Pessoal Saneamento nain12 inklui Motorista 1 iha Diresaun SM-ASA",{"$nulls":12},{"$f":"AU18","v":{"v":9303,"d":"$9,303.00"}},"Dir","Orsamento ida ne'e Preve hodi Selu Salario Kazuais nain 1, no Pessoal Saneamento nain12 inklui Motorista 1 iha Diresaun SM-ASA",{"$f":"Q18+AF18+AU18+BJ18","v":{"v":37212,"d":"$37,212.00"}}]
[6,"501: Salario e Vencimentos","5010101: Salario de Titulares de Cargos Politicos","Gestão dos jardins e parques nos aglomerados populacionais",{"$nulls":12},{"$f":"8640/4","v":{"v":2160,"d":"$2,160.00"}},"Dir","Orsamento ida ne'e Preve hodi Selu Salario ba Funcionario Permanentes sira iha Diresaun SMASA",{"$nulls":12},{"$f":"Q19","v":{"v":2160,"d":"$2,160.00"}},"Dir","Orsamento ida ne'e Preve hodi Selu Salario ba Funcionario Permanentes sira iha Diresaun SMASA",{"$nulls":12},{"$f":"AF19","v":{"v":2160,"d":"$2,160.00"}},"Dir","Orsamento ida ne'e Preve hodi Selu Salario ba Funcionario Permanentes sira iha Diresaun SMASA",{"$nulls":12},{"$f":"AU19","v":{"v":2160,"d":"$2,160.00"}},"Dir","Orsamento ida ne'e Preve hodi Selu Salario ba Funcionario Permanentes sira iha Diresaun SMASA",{"$f":"Q19+AF19+AU19+BJ19","v":{"v":8640,"d":"$8,640.00"}}]
[{"$f":"A19+1","v":7},"501: Salario e Vencimentos","5010110:  Decimo Terceiro Mês","Gestão dos jardins e parques nos aglomerados populacionais",{"$nulls":13},"Dir","Orsamento ida ne'e hodi selu Salario Decimo Terceiro Mês ba Funcionarios Permanente inklui Kazuais iha Diresaun SMASA",{"$nulls":13},"Dir","Orsamento ida ne'e hodi selu Salario Decimo Terceiro Mês ba Funcionarios Permanente inklui Kazuais iha Diresaun SMASA",{"$nulls":4}," ",{"$nulls":8},"Dir","Orsamento ida ne'e hodi selu Salario Decimo Terceiro Mês ba Funcionarios Permanente inklui Kazuais iha Diresaun SMASA",{"$nulls":12},{"$f":"4237+3478","v":{"v":7715,"d":"$7,715.00"}},"Dir","Orsamento ida ne'e hodi selu Salario Decimo Terceiro Mês ba Funcionarios Permanente inklui Kazuais iha Diresaun SMASA",{"$f":"Q20+AF20+AU20+BJ20","v":{"v":7715,"d":"$7,715.00"}}]
[null,"Bens Servisu",{"$nulls":14},{"$f":"SUM(Q14:Q18)","v":{"v":21225.75,"d":"$21,225.75"}},{"$nulls":14},{"$f":"SUM(AF14:AF19)","v":{"v":23385.75,"d":"$23,385.75"}},{"$nulls":14},{"$f":"SUM(AU14:AU19)","v":{"v":23385.75,"d":"$23,385.75"}},{"$nulls":14},{"$f":"SUM(BJ14:BJ18)","v":{"v":21225.75,"d":"$21,225.75"}}]
[null,"TOTAL",{"$nulls":62},{"$f":"SUM(BM14:BM21)","v":{"v":101258,"d":"$101,258.00"}}]

{"sheet":"Plano Exekusaun BS Aluguer","index":5,"n_rows":27,"n_cols":71,"rows_kept":27,"merged":[[11,0,11,64],[12,0,13,0],[12,1,13,1],[12,2,13,2],[12,3,13,3],[12,4,12,7],[12,8,12,11],[12,12,12,15],[12,16,13,16],[12,17,13,17],[12,18,13,18],[12,19,12,22],[12,23,12,26],[12,27,12,30],[12,31,13,31],[12,32,13,32],[12,33,13,33],[12,34,12,37],[12,38,12,41],[12,42,12,45],[12,46,13,46],[12,47,13,47],[12,48,13,48],[12,49,12,52],[12,53,12,56],[12,57,12,60],[12,61,13,61],[12,62,13,62],[12,63,13,63],[12,64,13,64],[16,1,16,2],[17,1,17,18],[18,1,18,18],[41,2,42,16]]}
{"$rows_empty":11}
["PLANO EZEKUSAUN ORSAMENTO ALUGUER BA POSTO AINARO NO POSTO MAUBISSE KADA TRIMESTRE BA TINAN 2026",{"$nulls":68},32832,"Alokasaun"]
["No","Kategori Osan","Programa","Actividade","Janeiro",{"$nulls":3},"Fevereiro",{"$nulls":3},"Marsu",{"$nulls":3},"Total Execusaun","Responsavel","Obs","Abril",{"$nulls":3},"Maio",{"$nulls":3},"Junho",{"$nulls":3},"Total Execusaun","Responsavel","Obs","Julho",{"$nulls":3},"Agusto",{"$nulls":3},"Setembro",{"$nulls":3},"Total Execusaun","Responsavel","Obs","Outubro",{"$nulls":3},"Novembro",{"$nulls":3},"Dezembro",{"$nulls":3},"Total Execusaun","Responsavel","Obs","Total Orsamento",{"$nulls":4},4838,"Despezas"]
[{"$nulls":4},"I","II","III","IV","I","II","III","IV","I","II","III","IV",{"$nulls":3},"I","II","III","IV","I","II","III","IV","I","II","III","IV",{"$nulls":3},"I","II","III","IV","I","II","III","IV","I","II","III","IV",{"$nulls":3},"I","II","III","IV","I","II","III","IV","I","II","III","IV",{"$nulls":8},{"$f":"BR12-BR13","v":27994},"Balansu"]
[1,"502: Bens e Serviços Correntes","5023103:Aluguer de Veiculos","Limpeza dos epaços públicos, incluindo as praias e zonas balneares",{"$nulls":12},{"$f":"1065.35+136+136+136","v":{"v":1473.35,"d":"$1,473.35"}},"Director","Orsamento ne'e financia hodi Contrato truck 1 hodi halo Limpeza Espacho Publico iha Capital Municipio Ainaro",{"$nulls":12},{"$f":"(1065.35+136+136+136)*3","v":{"v":4420.049999999999,"d":"$4,420.05"}},"Director","Orsamento ne'e financia hodi Contrato truck 1 hodi halo Limpeza Espacho Publico iha Capital Municipio Ainaro",{"$nulls":12},{"$f":"(1065.35+136+136+136)*3","v":{"v":4420.049999999999,"d":"$4,420.05"}},"Director","Orsamento ne'e financia hodi Contrato truck 1 hodi halo Limpeza Espacho Publico iha Capital Municipio Ainaro",{"$nulls":12},{"$f":"(1065.35+136+136+136)*3","v":{"v":4420.049999999999,"d":"$4,420.05"}},"Director","Orsamento ne'e financia hodi Contrato truck 1 hodi halo Limpeza Espacho Publico iha Capital Municipio Ainaro",{"$f":"BJ15+AU15+AF15+Q15","v":{"v":14733.499999999998,"d":"$14,733.50"}},{"$nulls":4},{"$f":"BR14-BM18","v":{"v":-4837.649999999994,"d":"-$4,838"}},"Sisa"]
[{"$f":"A15+1","v":2},"502: Bens e Serviços Correntes","5023103: Aluguer de Veiculos","Limpeza dos epaços públicos, incluindo as praias e zonas balneares",{"$nulls":12},{"v":4838,"d":"$4,838"},"Director","Orsamento ne'e financia hodi selu dividas nebe halo Limpeza Espacho Publico iha Posto Maubisse Villa",{"$nulls":12},{"$f":"(1065.35+136+136+136)*3","v":{"v":4420.049999999999,"d":"$4,420.05"}},"Director","Orsamento ne'e financia hodi Contrato truck 1 hodi halo Limpeza Espacho Publico iha Posto Maubisse Villa",{"$nulls":12},{"$f":"(1065.35+136+136+136)*3","v":{"v":4420.049999999999,"d":"$4,420.05"}},"Director","Orsamento ne'e financia hodi Contrato truck 1 hodi halo Limpeza Espacho Publico iha Posto Maubisse Villa",{"$nulls":12},{"$f":"(1065.35+136+136+136)*3","v":{"v":4420.049999999999,"d":"$4,420.05"}},"Director","Orsamento ne'e financia hodi Contrato truck 1 hodi halo Limpeza Espacho Publico iha Posto Maubisse Villa",{"$f":"BJ16+AU16+AF16+Q16","v":{"v":18098.149999999998,"d":"$18,098"}},{"$nulls":5},"actual"]
[null,"Bens Servisu",{"$nulls":14},{"$f":"SUM(Q15:Q16)","v":{"v":6311.35,"d":"$6,311.35"}},{"$nulls":14},{"$f":"SUM(AF15:AF16)","v":{"v":8840.099999999999,"d":"$8,840.10"}},{"$nulls":14},{"$f":"SUM(AU15:AU16)","v":{"v":8840.099999999999,"d":"$8,840.10"}},{"$nulls":14},{"$f":"SUM(BJ15:BJ16)","v":{"v":8840.099999999999,"d":"$8,840.10"}}]
[null,"TOTAL",{"$nulls":62},{"$f":"SUM(BM15:BM17)","v":{"v":32831.649999999994,"d":"$32,832"}}]
[]
[]
[]
[{"$nulls":16},"Ainaro, 27 de Janeiro 2026",{"$nulls":31},"Ainaro, 27 de Janeiro 2026"]
[{"$nulls":16},"Prepara Husi",{"$nulls":31},"Verifica Husi"]
[]
[]
[{"$nulls":16},"(Rasino Soares Pinto)",{"$nulls":31},"(Feliciano da Conceicao Verdial)"]
[{"$nulls":16},"Xefe Dept. Planeamento",{"$nulls":31},"Director SMASA Ainaro"]

{"sheet":"Plano Exekusaun BS 2026 ","index":6,"n_rows":34,"n_cols":65,"rows_kept":34,"merged":[[9,0,9,64],[10,0,11,0],[10,1,11,1],[10,2,11,2],[10,3,11,3],[10,4,10,7],[10,8,10,11],[10,12,10,15],[10,16,11,16],[10,17,11,17],[10,18,11,18],[10,19,10,22],[10,23,10,26],[10,27,10,30],[10,31,11,31],[10,32,11,32],[10,33,11,33],[10,34,10,37],[10,38,10,41],[10,42,10,45],[10,46,11,46],[10,47,11,47],[10,48,11,48],[10,49,10,52],[10,53,10,56],[10,57,10,60],[10,61,11,61],[10,62,11,62],[10,63,11,63],[10,64,11,64],[23,1,23,2],[24,1,24,18],[25,1,25,18],[48,2,49,16]]}
{"$rows_empty":9}
["PLANO EZEKUSAUN ORSAMENTO BENS E SERVISU KADA TRIMESTRE BA TINAN 2026"]
["No","Kategori Osan","Programa","Actividade","Janeiro",{"$nulls":3},"Fevereiro",{"$nulls":3},"Marsu",{"$nulls":3},"Total Execusaun","Responsavel","Obs","Abril",{"$nulls":3},"Maio",{"$nulls":3},"Junho",{"$nulls":3},"Total Execusaun","Responsavel","Obs","Julho",{"$nulls":3},"Agusto",{"$nulls":3},"Setembro",{"$nulls":3},"Total Execusaun","Responsavel","Obs","Outubro",{"$nulls":3},"Novembro",{"$nulls":3},"Dezembro",{"$nulls":3},"Total Execusaun","Responsavel","Obs","Total Orsamento"]
[{"$nulls":4},"I","II","III","IV","I","II","III","IV","I","II","III","IV",{"$nulls":3},"I","II","III","IV","I","II","III","IV","I","II","III","IV",{"$nulls":3},"I","II","III","IV","I","II","III","IV","I","II","III","IV",{"$nulls":3},"I","II","III","IV","I","II","III","IV","I","II","III","IV"]
[1,"502: Bens e Serviços Correntes","5020502:Refeições Confecionados","Construção, conservação e reparação  de sistemas de drenagem de àguas residuais nos aglomerados populacionais,  de balneários públicos e das facilidades de deposição e tratamento final dos residuos sólidos urbanos",{"$nulls":12},{"$f":"160/4","v":{"v":40,"d":"$40.00"}},"Director","Montante ne hodi finansia ba bebidas hansan kafe, masimidar, Biskuit no Be'e ba actividade encontro semestral iha Diresaun",{"$nulls":12},{"$f":"160/4","v":{"v":40,"d":"$40.00"}},"Director","Montante ne hodi finansia ba bebidas hansan kafe, masimidar, Biskuit no Be'e ba actividade encontro semestral iha Diresaun",{"$nulls":12},{"$f":"160/4","v":{"v":40,"d":"$40.00"}},"Director","Montante ne hodi finansia ba bebidas hansan kafe, masimidar, Biskuit no Be'e ba actividade encontro semestral iha Diresaun",{"$nulls":12},{"$f":"160/4","v":{"v":40,"d":"$40.00"}},"Director","Montante ne hodi finansia ba bebidas hansan kafe, masimidar, Biskuit no Be'e ba actividade encontro semestral iha Diresaun",{"$f":"BJ13+AU13+AF13+Q13","v":{"v":160,"d":"$160.00"}}]
[{"$f":"A13+1","v":2},"502: Bens e Serviços Correntes","5020901: Material Eskritorio (ATK)","Montantes ne'e hodi finansia ba  Fornecemento material eskritorior hanesan Surat tahan, lapizeira no Toner nst",{"$nulls":12},{"$f":"480/4","v":{"v":120,"d":"$120.00"}},"Director","Montantes ne'e hodi finansia ba  Fornecemento material eskritorior hanesan Surat tahan, lapizeira no Toner nst",{"$nulls":12},{"$f":"480/4","v":{"v":120,"d":"$120.00"}},"Director","Montantes ne'e hodi finansia ba  Fornecemento material eskritorior hanesan Surat tahan, lapizeira no Toner nst",{"$nulls":12},{"$f":"480/4","v":{"v":120,"d":"$120.00"}},"Director","Montantes ne'e hodi finansia ba  Fornecemento material eskritorior hanesan Surat tahan, lapizeira no Toner nst",{"$nulls":12},{"$f":"480/4","v":{"v":120,"d":"$120.00"}},"Director","Montantes ne'e hodi finansia ba  Fornecemento material eskritorior hanesan Surat tahan, lapizeira no Toner nst",{"$f":"BJ14+AU14+AF14+Q14","v":{"v":480,"d":"$480.00"}}]
[{"$f":"A14+1","v":3},"502: Bens e Serviços Correntes","5021002: Combustivel para Veiculos","Proteção das fontes e dos sistemas de abastecimento de água potável",{"$nulls":12},{"$f":"1598/4","v":{"v":399.5,"d":"$399.50"}},"Director","Combustivel ba viaturas kareta operasional 1, tenki1  no motor 5 hodi monitorizasaun no halo operasional ba Sistema bemos iha area Rurais teritorio Municipio Ainaro",{"$nulls":12},{"$f":"1598/4","v":{"v":399.5,"d":"$399.50"}},"Director","Combustivel ba viaturas kareta operasional 1, tenki1  no motor 5 hodi monitorizasaun no halo operasional ba Sistema bemos iha area Rurais teritorio Municipio Ainaro",{"$nulls":4}," ",{"$nulls":7},{"$f":"1598/4","v":{"v":399.5,"d":"$399.50"}},"Director","Combustivel ba viaturas kareta operasional 1, tenki1  no motor 5 hodi monitorizasaun no halo operasional ba Sistema bemos iha area Rurais teritorio Municipio Ainaro",{"$nulls":12},{"$f":"1598/4","v":{"v":399.5,"d":"$399.50"}},"Director","Combustivel ba viaturas kareta operasional 1, tenki1  no motor 5 hodi monitorizasaun no halo operasional ba Sistema bemos iha area Rurais teritorio Municipio Ainaro",{"$f":"Q15+AF15+AU15+BJ15","v":{"v":1598,"d":"$1,598.00"}}]
[{"$f":"A15+1","v":4},"502: Bens e Serviços Correntes","5021005: Outros Combustiveis","Proteção das fontes e dos sistemas de abastecimento de água potável",{"$nulls":12},{"$f":"240/4","v":{"v":60,"d":"$60.00"}},"Director","Combustivel ba makina kua du'ut 4, hodi halo limpeza iha espaso Publiko",{"$nulls":12},{"$f":"240/4","v":{"v":60,"d":"$60.00"}},"Director","Combustivel ba makina kua du'ut 4, hodi halo limpeza iha espaso Publiko",{"$nulls":12},{"$f":"240/4","v":{"v":60,"d":"$60.00"}},"Director","Combustivel ba makina kua du'ut 4, hodi halo limpeza iha espaso Publiko",{"$nulls":12},{"$f":"240/4","v":{"v":60,"d":"$60.00"}},"Director","Combustivel ba makina kua du'ut 4, hodi halo limpeza iha espaso Publiko",{"$f":"Q16+AF16+AU16+BJ16","v":{"v":240,"d":"$240.00"}}]
[{"$f":"A16+1","v":5},"502: Bens e Serviços Correntes","5021501: Outro Bens Correntes","Construção, convservação e reparação de sistemas de abastecimento de água potável",{"$nulls":12},{"$f":"13600/4","v":{"v":3400,"d":"$3,400.00"}},"Director","Hodi finansia reparasaun Sistema, Proteje Bematan inklui ba actividade operasional Sistema Bemo'os Urbana mak hanesan Manutensaun ba hadia Valvula Soe Anin, Washout ka Be'e Foer inklui tratamento Slow Sand Filter ka Tratamento Bemo'os iha WTP ",{"$nulls":12},{"$f":"13600/4","v":{"v":3400,"d":"$3,400.00"}},"Director","Hodi finansia reparasaun Sistema, Proteje Bematan inklui ba actividade operasional Sistema Bemo'os Urbana mak hanesan Manutensaun ba hadia Valvula Soe Anin, Washout ka Be'e Foer inklui tratamento Slow Sand Filter ka Tratamento Bemo'os iha WTP ",{"$nulls":12},{"$f":"13600/4","v":{"v":3400,"d":"$3,400.00"}},"Director","Hodi finansia reparasaun Sistema, Proteje Bematan inklui ba actividade operasional Sistema Bemo'os Urbana mak hanesan Manutensaun ba hadia Valvula Soe Anin, Washout ka Be'e Foer inklui tratamento Slow Sand Filter ka Tratamento Bemo'os iha WTP ",{"$nulls":12},{"$f":"13600/4","v":{"v":3400,"d":"$3,400.00"}},"Director","Hodi finansia reparasaun Sistema, Proteje Bematan inklui ba actividade operasional Sistema Bemo'os Urbana mak hanesan Manutensaun ba hadia Valvula Soe Anin, Washout ka Be'e Foer inklui tratamento Slow Sand Filter ka Tratamento Bemo'os iha WTP ",{"$f":"Q17+AF17+AU17+BJ17","v":{"v":13600,"d":"$13,600.00"}}]
[{"$f":"A17+1","v":6},"502: Bens e Serviços Correntes","5021601: Limpeza e Seguransa","Limpeza dos epaços públicos, incluindo as praias e zonas balneares",{"$nulls":12},{"$f":"206/4","v":{"v":51.5,"d":"$51.50"}},"Director","Montantes ne'e hodi finansia ba limpeza iha edificio  SM-ASA",{"$nulls":12},{"$f":"206/4","v":{"v":51.5,"d":"$51.50"}},"Director","Montantes ne'e hodi finansia ba limpeza iha edificio  SM-ASA",{"$nulls":12},{"$f":"206/4","v":{"v":51.5,"d":"$51.50"}},"Director","Halo pagamento ba Be'e Timor Leste       BTL, EP kada fulan $ 10.00",{"$nulls":12},{"$f":"206/4","v":{"v":51.5,"d":"$51.50"}},"Director","Halo pagamento ba Be'e Timor Leste       BTL, EP kada fulan $ 10.00",{"$f":"Q18+AF18+AU18+BJ18","v":{"v":206,"d":"$206.00"}}]
[7,"502: Bens e Serviços Correntes","5021801: Fornecimento de Agua"," Construção, conservação e reparação de jardins e parques existentes nos aglomerados populacionais",{"$nulls":12},{"$f":"121/4","v":{"v":30.25,"d":"$30.25"}},"Director","Halo pagamento ba Be'e Timor Leste       BTL, EP kada fulan $ 10.00",{"$nulls":12},{"$f":"121/4","v":{"v":30.25,"d":"$30.25"}},"Director","Halo pagamento ba Be'e Timor Leste       BTL, EP kada fulan $ 10.00",{"$nulls":12},{"$f":"121/4","v":{"v":30.25,"d":"$30.25"}},"Director","Halo pagamento ba Be'e Timor Leste       BTL, EP.",{"$nulls":12},{"$f":"121/4","v":{"v":30.25,"d":"$30.25"}},"Director","Halo pagamento ba Be'e Timor Leste       BTL, EP.",{"$f":"Q19+AF19+AU19+BJ19","v":{"v":121,"d":"$121.00"}}]
[8,"502: Bens e Serviços Correntes","5021802: Fornecimento de Eletrisidade"," Construção, conservação e reparação de jardins e parques existentes nos aglomerados populacionais",{"$nulls":12},{"$f":"123/4","v":{"v":30.75,"d":"$30.75"}},"Director","Halo pagamento ba Eletricidade de Timor Leste EDTL, EP.",{"$nulls":12},{"$f":"123/4","v":{"v":30.75,"d":"$30.75"}},"Director","Halo pagamento ba Eletricidade de Timor Leste EDTL, EP.",{"$nulls":12},{"$f":"123/4","v":{"v":30.75,"d":"$30.75"}},"Director","Halo pagamento ba Eletricidade de Timor Leste EDTL, EP.",{"$nulls":12},{"$f":"123/4","v":{"v":30.75,"d":"$30.75"}},"Director","Halo pagamento ba Eletricidade de Timor Leste EDTL, EP.",{"v":123,"d":"$123.00"}]
[9,"502: Bens e Serviços Correntes","5021901: Comunicações Fixas","Gestão e tratamento dos residuos sólidos urbanos",{"$nulls":12},{"$f":"2000/4","v":{"v":500,"d":"$500.00"}},"Director","Montantes ne'e hodi finansia ba Fornecemento pulsa ba kargo diresaun no xefia Dirctor nain 1, Xefe departamento nain 3",{"$nulls":12},{"$f":"2000/4","v":{"v":500,"d":"$500.00"}},"Director","Montantes ne'e hodi finansia ba Fornecemento pulsa ba kargo diresaun no xefia Dirctor nain 1, Xefe departamento nain 3",{"$nulls":12},{"$f":"2000/4","v":{"v":500,"d":"$500.00"}},"Director","Montantes ne'e hodi finansia ba Fornecemento pulsa ba kargo diresaun no xefia Dirctor nain 1, Xefe departamento nain 3",{"$nulls":12},{"$f":"2000/4","v":{"v":500,"d":"$500.00"}},"Director","Montantes ne'e hodi finansia ba Fornecemento pulsa ba kargo diresaun no xefia Dirctor nain 1, Xefe departamento nain 3",{"v":2000,"d":"$2,000.00"}]
[{"$f":"A21+1","v":10},"502: Bens e Serviços Correntes","5022401: Ajudas de Custo por deslocações em serviço no Pais","onstrução, convservação e reparação de sistemas de abastecimento de água potável",{"$nulls":12},{"$f":"7640/4","v":{"v":1910,"d":"$1,910.00"}},"Director","Hodi finansia ba deslokasaun (Viagem Lokais)  husi Municipio ba Nacional ou husi Muncipio ba Postu Administrativo ou Suku hodi halo monitorizasaun ba projeto bemo'os no reparasaun  ba sistema bemo'os (vigor 20%) ",{"$nulls":12},{"$f":"7640/4","v":{"v":1910,"d":"$1,910.00"}},"Director","Hodi finansia ba deslokasaun (Viagem Lokais)  husi Municipio ba Nacional ou husi Muncipio ba Postu Administrativo ou Suku hodi halo monitorizasaun ba projeto bemo'os no reparasaun  ba sistema bemo'os (vigor 20%) ",{"$nulls":12},{"$f":"7640/4","v":{"v":1910,"d":"$1,910.00"}},"Director","Hodi finansia ba deslokasaun (Viagem Lokais)  husi Municipio ba Nacional ou husi Muncipio ba Postu Administrativo ou Suku hodi halo monitorizasaun ba projeto bemo'os no reparasaun  ba sistema bemo'os (vigor 20%) ",{"$nulls":12},{"$f":"7640/4","v":{"v":1910,"d":"$1,910.00"}},"Director","Hodi finansia ba deslokasaun (Viagem Lokais)  husi Municipio ba Nacional ou husi Muncipio ba Postu Administrativo ou Suku hodi halo monitorizasaun ba projeto bemo'os no reparasaun  ba sistema bemo'os (vigor 20%) ",{"$f":"Q22+AF22+AU22+BJ22","v":{"v":7640,"d":"$7,640.00"}}]
[{"$f":"A22+1","v":11},"502: Bens e Serviços Correntes","5022502: Servisu Profesionais (Formasaun e Palestra)","Plantio de novas arvores e arbustos nos aglomerados populacionais",{"$nulls":12},{"$f":"1200/4","v":{"v":300,"d":"$300.00"}},"Director","Montantes ne'e hodi finansia ba formasaun e palestra sobre Forma Grupo GMF no Formasaun teknika ba Grupo Sira nebe hari'I iha kada Sistema iha Suco 22",{"$nulls":12},{"$f":"1200/4","v":{"v":300,"d":"$300.00"}},"Director","Montantes ne'e hodi finansia ba formasaun e palestra sobre Forma Grupo GMF no Formasaun teknika ba Grupo Sira nebe hari'I iha kada Sistema iha Suco 22",{"$nulls":12},{"$f":"1200/4","v":{"v":300,"d":"$300.00"}},"Director","Montantes ne'e hodi finansia ba formasaun e palestra sobre Forma Grupo GMF no Formasaun teknika ba Grupo Sira nebe hari'I iha kada Sistema iha Suco 22",{"$nulls":12},{"$f":"1200/4","v":{"v":300,"d":"$300.00"}},"Director","Montantes ne'e hodi finansia ba formasaun e palestra sobre Forma Grupo GMF no Formasaun teknika ba Grupo Sira nebe hari'I iha kada Sistema iha Suco 22",{"$f":"Q23+AF23+AU23+BJ23","v":{"v":1200,"d":"$1,200.00"}}]
[null,"Bens Servisu",{"$nulls":14},{"$f":"SUM(Q13:Q23)","v":{"v":6842,"d":"$6,842.00"}},{"$nulls":14},{"$f":"SUM(AF13:AF23)","v":{"v":6842,"d":"$6,842.00"}},{"$nulls":14},{"$f":"SUM(AU13:AU23)","v":{"v":6842,"d":"$6,842.00"}},{"$nulls":14},{"$f":"SUM(BJ13:BJ23)","v":{"v":6842,"d":"$6,842.00"}}]
[null,"TOTAL",{"$nulls":62},{"$f":"SUM(BM13:BM24)","v":{"v":27368,"d":"$27,368.00"}}]
[]
[]
[]
[{"$nulls":10},"Ainaro, 21 de Janeiro 2026",{"$nulls":39},"Ainaro, 21 de Janeiro 2026",{"$nulls":13},{"$f":"BM25+32832","v":{"v":60200,"d":"$60,200.00"}}]
[{"$nulls":10},"Prepara Husi",{"$nulls":39},"Verifica Husi"]
[]
[]
[{"$nulls":10},"(Rasino Soares Pinto)",{"$nulls":39},"(Feliciano da Conceicao Verdial)"]
[{"$nulls":10},"Xefe Dept. Planeamento",{"$nulls":39},"Director SMASA Ainaro"]

{"sheet":"Sheet1","index":7,"n_rows":34,"n_cols":11,"rows_kept":34,"merged":[[28,0,29,4],[28,5,29,5],[28,6,29,6]]}
[]
["Naran Posto","Total Uma Kain","Feto","Mane","Total Ema","Uma Kain Assesu Ba Be'e (%)","Uma Kain Seidauk Assesu Ba Be'e (%)","Be'e Matan ","Total Sistema"," Uma Kain Assesu Ba Be'e mo''os (%)"," Uma Kain seidauk Assesu Ba Be'e mo''os (%)"]
["AINARO",1040,2671,2574,{"$f":"D3+C3","v":5245},{"v":890,"d":"890.00"},{"$f":"B3-F3","v":{"v":150,"d":"150.00"}},24,31,{"$f":"F3/B3","v":{"v":0.8557692307692307,"d":"85.58%"}},{"$f":"G3/B3","v":{"v":0.14423076923076922,"d":"14.42%"}}]
["MAU ULO",522,1312,1279,{"$f":"D4+C4","v":2591},{"v":432,"d":"432.00"},{"$f":"B4-F4","v":{"v":90,"d":"90.00"}},null,null,{"$f":"F4/B4","v":{"v":0.8275862068965517,"d":"82.76%"}},{"$f":"G4/B4","v":{"v":0.1724137931034483,"d":"17.24%"}}]
["MAU NUNO",385,947,846,1793,{"v":320,"d":"320.00"},{"$f":"B5-F5","v":{"v":65,"d":"65.00"}},null,null,{"v":0.8311688311688312,"d":"83.12%"},{"v":0.16883116883116883,"d":"16.88%"}]
["CASSA",1073,2228,2277,4505,{"v":670,"d":"670.00"},{"$f":"B6-F6","v":{"v":403,"d":"403.00"}},null,null,{"v":0.6244175209692451,"d":"62.44%"},{"v":0.37558247903075487,"d":"37.56%"}]
["SURU CRAIK",517,1212,1113,2325,{"v":396,"d":"396.00"},{"$f":"B7-F7","v":{"v":121,"d":"121.00"}},null,null,{"v":0.7659574468085106,"d":"76.60%"},{"v":0.23404255319148937,"d":"23.40%"}]
["SORO",567,1362,1341,2703,{"v":340,"d":"340.00"},{"v":227,"d":"227.00"},null,null,{"v":0.599647266313933,"d":"59.96%"},{"v":0.400352733686067,"d":"40.04%"}]
["MANUTASI",535,1322,1293,2615,{"v":425,"d":"425.00"},{"v":110,"d":"110.00"},null,null,{"v":0.794392523364486,"d":"79.44%"},{"v":0.205607476635514,"d":"20.56%"}]
[]
["LEOLIMA",1957,4049,3973,{"$f":"D11+C11","v":8022},{"v":1330,"d":"1,330.00"},{"$f":"B11-F11","v":{"v":627,"d":"627.00"}},19,18,{"$f":"F11/B11","v":{"v":0.6796116504854369,"d":"67.96%"}},{"$f":"G11/B11","v":{"v":0.32038834951456313,"d":"32.04%"}}]
["FOHO AILICO",1279,2672,2403,{"$f":"D12+C12","v":5075},{"v":930,"d":"930.00"},{"$f":"B12-F12","v":{"v":349,"d":"349.00"}},null,null,{"$f":"F12/B12","v":{"v":0.727130570758405,"d":"72.71%"}},{"$f":"G12/B12","v":{"v":0.272869429241595,"d":"27.29%"}}]
[]
["NUNO MOGUE",1077,2761,2615,{"$f":"D14+C14","v":5376},{"v":780,"d":"780.00"},{"$f":"B14-F14","v":{"v":297,"d":"297.00"}},21,30,{"$f":"F14/B14","v":{"v":0.724233983286908,"d":"72.42%"}},{"$f":"G14/B14","v":{"v":0.2757660167130919,"d":"27.58%"}}]
["MULO",1690,4001,4048,{"$f":"D15+C15","v":8049},{"v":980,"d":"980.00"},{"$f":"B15-F15","v":{"v":710,"d":"710.00"}},null,null,{"$f":"F15/B15","v":{"v":0.5798816568047337,"d":"57.99%"}},{"$f":"G15/B15","v":{"v":0.42011834319526625,"d":"42.01%"}}]
["MAUCHIGA",766,1937,1920,{"$f":"D16+C16","v":3857},{"v":586,"d":"586.00"},{"v":180,"d":"180.00"},null,null,{"v":0.7650130548302873,"d":"76.50%"},{"v":0.2349869451697128,"d":"23.50%"}]
[]
["MAUBISSE",1423,3593,3435,{"$f":"D18+C18","v":7028},{"v":860,"d":"860.00"},{"$f":"B18-F18","v":{"v":563,"d":"563.00"}},24,40,{"$f":"F18/B18","v":{"v":0.6043569922698524,"d":"60.44%"}},{"$f":"G18/B18","v":{"v":0.3956430077301476,"d":"39.56%"}}]
["AITUTO",1490,3606,3449,7055,{"v":870,"d":"870.00"},{"v":620,"d":"620.00"},null,null,{"v":0.5838926174496645,"d":"58.39%"},{"v":0.4161073825503356,"d":"41.61%"}]
["HORAI-QUIK",468,1107,1155,2262,{"v":390,"d":"390.00"},{"v":78,"d":"78.00"},null,null,{"v":0.8333333333333334,"d":"83.33%"},{"v":0.16666666666666666,"d":"16.67%"}]
["LIURAI",208,568,558,1126,{"v":155,"d":"155.00"},{"v":53,"d":"53.00"},null,null,{"v":0.7451923076923077,"d":"74.52%"},{"v":0.2548076923076923,"d":"25.48%"}]
["FATUBESI",338,753,721,1474,{"v":160,"d":"160.00"},{"v":178,"d":"178.00"},null,null,{"v":0.47337278106508873,"d":"47.34%"},{"v":0.5266272189349113,"d":"52.66%"}]
["EDI",564,1332,1367,2699,{"v":435,"d":"435.00"},{"v":129,"d":"129.00"},null,null,{"v":0.7712765957446809,"d":"77.13%"},{"v":0.22872340425531915,"d":"22.87%"}]
["MAULAU",895,1548,1480,3028,{"v":685,"d":"685.00"},{"v":210,"d":"210.00"},null,null,{"v":0.7653631284916201,"d":"76.54%"},{"v":0.2346368715083799,"d":"23.46%"}]
["MANELOBAS",344,845,780,1625,{"v":295,"d":"295.00"},{"v":49,"d":"49.00"},null,null,{"v":0.8575581395348837,"d":"85.76%"},{"v":0.14244186046511628,"d":"14.24%"}]
["MANETU",706,1731,1529,3260,{"v":620,"d":"620.00"},{"v":86,"d":"86.00"},null,null,{"v":0.8781869688385269,"d":"87.82%"},{"v":0.12181303116147309,"d":"12.18%"}]
[{"$nulls":5},{"$f":"SUM(F18:F26)","v":{"v":4470,"d":"4,470.00"}}]
["Total",{"$f":"SUM(B3:B26)","v":17844},41557,40156,81713,{"v":12549,"d":"12,549.00"},{"v":5295,"d":"5,295.00"},{"$f":"SUM(H3:H18)","v":88},{"$f":"SUM(I3:I18)","v":119},{"$f":"F28/B28","v":{"v":0.7032616005379959,"d":"70.33%"}},{"$f":"G28/B28","v":{"v":0.29673839946200403,"d":"29.67%"}}]
["Percentagen Assesu ba Bemo'os a Nivel Municipiu",{"$nulls":4},{"$f":"F28/B28","v":{"v":0.7032616005379959,"d":"70.33%"}},{"$f":"G28/B28","v":{"v":0.29673839946200403,"d":"29.67%"}}]
[]
[]
[]
[]
[{"$nulls":5}," "]

{"sheet":"Planeamento","index":8,"n_rows":147,"n_cols":18,"rows_kept":147,"merged":[[6,1,6,11],[7,1,7,11],[8,1,9,1],[8,2,9,2],[8,3,9,4],[8,5,9,5],[8,6,9,6],[8,7,8,10],[10,3,10,4],[11,3,11,4],[12,3,12,4],[13,3,13,4],[14,1,14,6],[16,1,16,11],[17,1,18,1],[17,2,18,2],[17,3,18,4],[17,5,18,5],[17,6,18,6],[17,7,17,10],[19,3,19,4],[20,3,20,4],[21,3,21,4],[22,3,22,4],[23,1,23,6],[25,1,25,11],[26,1,27,1],[26,2,27,2],[26,3,27,4],[26,5,27,5],[26,6,27,6],[26,7,26,10],[28,3,28,4],[29,3,29,4],[30,3,30,4],[31,1,31,6],[33,1,33,11],[34,1,35,1],[34,2,35,2],[34,3,35,4],[34,5,35,5],[34,6,35,6],[34,7,34,10],[36,3,36,4],[37,1,37,10],[39,1,39,11],[40,1,41,1],[40,2,41,2],[40,3,41,3],[40,4,41,4],[40,5,41,5],[40,6,41,6],[40,7,40,10],[87,1,87,6],[89,1,89,11],[90,1,91,1],[90,2,91,2],[90,3,91,4],[90,5,91,5],[90,6,91,6],[90,7,90,10],[92,3,92,4],[93,3,93,4],[94,3,94,4],[95,3,95,4],[96,3,96,4],[97,3,97,4],[98,3,98,4],[99,1,99,6],[101,1,101,11],[102,1,103,1],[102,2,103,2],[102,3,103,4],[102,5,103,5],[102,6,103,6],[102,7,102,10],[104,3,104,4],[105,1,105,10],[107,1,107,11],[108,1,109,1],[108,2,109,2],[108,3,109,4],[108,5,109,5],[108,6,109,6],[108,7,108,10],[110,3,110,4],[111,1,111,10],[113,1,113,11],[114,1,115,1],[114,2,115,2],[114,3,115,4],[114,5,115,5],[114,6,115,6],[114,7,114,10],[116,3,116,4],[117,3,117,4],[118,1,118,6],[120,1,120,11],[121,1,122,1],[121,2,122,2],[121,3,122,3],[121,4,122,4],[121,5,122,5],[121,6,122,6],[121,7,121,10],[129,1,129,6],[131,1,131,11],[132,1,133,1],[132,2,133,2],[132,3,133,4],[132,5,133,5],[132,6,133,6],[132,7,132,10],[134,3,134,4],[135,1,135,10],[136,1,137,1],[136,2,137,2],[136,3,137,4],[136,5,137,5],[136,6,137,6],[136,7,136,10],[138,3,138,4],[139,3,139,4],[140,1,140,6],[142,8,142,9],[143,8,143,9],[145,8,145,9],[146,8,146,9]]}
[]
[]
[]
[]
[]
[]
[null,"BENS E SERVICOS"]
[null,"Refeições Confecionados"]
[null,"Nu","Deskrisaun","QTY",null,"Presu Unidade","Total Presu","Alokasaun kada Quarter"]
[{"$nulls":7},"Q1","Q2","Q3","Q4","Alokasaun"]
[null,1,"Kafe",4,null,{"v":2.5,"d":"$2.50"},{"$f":"F11*D11","v":{"v":10,"d":"$10.00"}},{"v":10,"d":"$10.00"},{"v":10,"d":"$10.00"},{"v":10,"d":"$10.00"},{"v":10,"d":"$10.00"},{"$f":"H11+I11+J11+K11","v":{"v":40,"d":"$40.00"}}]
[null,2,"Masimidar",10,null,{"v":1,"d":"$1.00"},{"$f":"F12*D12","v":{"v":10,"d":"$10.00"}},{"v":10,"d":"$10.00"},{"v":10,"d":"$10.00"},{"v":10,"d":"$10.00"},{"v":10,"d":"$10.00"},{"$f":"H12+I12+J12+K12","v":{"v":40,"d":"$40.00"}}]
[null,3,"Beskuit",4,null,{"v":1,"d":"$1.00"},{"$f":"F13*D13","v":{"v":4,"d":"$4.00"}},{"v":4,"d":"$4.00"},{"v":4,"d":"$4.00"},{"v":4,"d":"$4.00"},{"v":4,"d":"$4.00"},{"$f":"H13+I13+J13+K13","v":{"v":16,"d":"$16.00"}}]
[null,4,"Agua",4,null,{"v":4,"d":"$4.00"},{"$f":"F14*D14","v":{"v":16,"d":"$16.00"}},{"v":16,"d":"$16.00"},{"v":16,"d":"$16.00"},{"v":16,"d":"$16.00"},{"v":16,"d":"$16.00"},{"v":64,"d":"$64.00"}]
[null,"Total",{"$nulls":5},{"$f":"SUM(H11:H14)","v":{"v":40,"d":"$40.00"}},{"$f":"SUM(I11:I14)","v":{"v":40,"d":"$40.00"}},{"v":40,"d":"$40.00"},{"v":40,"d":"$40.00"},{"$f":"SUM(L11:L14)","v":{"v":160,"d":"$160.00"}}]
[]
[null,"MATERIAL ESKRITORIO"]
[null,"Nu","Deskrisaun","QTY",null,"Presu Unidade","Total Presu","Alokasaun kada Quarter"]
[{"$nulls":7},"Q1","Q2","Q3","Q4","Alokasaun"]
[null,1,"HVS",1,null,{"v":25,"d":"$25.00"},{"$f":"F20*D20","v":{"v":25,"d":"$25.00"}},{"$f":"G20","v":{"v":25,"d":"$25.00"}},{"$f":"G20","v":{"v":25,"d":"$25.00"}},{"$f":"H20","v":{"v":25,"d":"$25.00"}},{"$f":"G20","v":{"v":25,"d":"$25.00"}},{"$f":"H20+I20+J20+K20","v":{"v":100,"d":"$100.00"}}]
[null,2,"Lapijeira Pilot G-2",4,null,{"v":2.5,"d":"$2.50"},{"$f":"F21*D21","v":{"v":10,"d":"$10.00"}},{"$f":"G21","v":{"v":10,"d":"$10.00"}},{"$f":"G21","v":{"v":10,"d":"$10.00"}},{"$f":"G21","v":{"v":10,"d":"$10.00"}},{"$f":"G21","v":{"v":10,"d":"$10.00"}},{"$f":"H21+I21+J21+K21","v":{"v":40,"d":"$40.00"}}]
[null,3,"Espidol",5,null,{"v":1,"d":"$1.00"},{"$f":"F22*D22","v":{"v":5,"d":"$5.00"}},{"$f":"G22","v":{"v":5,"d":"$5.00"}},{"$f":"G22","v":{"v":5,"d":"$5.00"}},{"$f":"G22","v":{"v":5,"d":"$5.00"}},{"$f":"G22","v":{"v":5,"d":"$5.00"}},{"$f":"H22+I22+J22+K22","v":{"v":20,"d":"$20.00"}}]
[null,4,"Toner ",1,null,{"v":80,"d":"$80.00"},{"$f":"F23*D23","v":{"v":80,"d":"$80.00"}},{"$f":"G23","v":{"v":80,"d":"$80.00"}},{"$f":"G23","v":{"v":80,"d":"$80.00"}},{"$f":"G23","v":{"v":80,"d":"$80.00"}},{"$f":"G23","v":{"v":80,"d":"$80.00"}},{"$f":"H23+I23+J23+K23","v":{"v":320,"d":"$320.00"}}]
[null,"Total",{"$nulls":5},{"$f":"SUM(H20:H23)","v":{"v":120,"d":"$120.00"}},{"$f":"SUM(I20:I23)","v":{"v":120,"d":"$120.00"}},{"v":120,"d":"$120.00"},{"v":120,"d":"$120.00"},{"$f":"SUM(L20:L23)","v":{"v":480,"d":"$480.00"}}]
[]
[null,"Combustivel para Veiculos"]
[null,"Nu","Deskrisaun","QTY",null,"Presu Unidade","Total Presu","Alokasaun kada Quarter"]
[{"$nulls":7},"Q1","Q2","Q3","Q4","Alokasaun"]
[null,1,"Kareta Operasional",1,null,{"v":159,"d":"$159.00"},{"$f":"F29*D29","v":{"v":159,"d":"$159.00"}},{"$f":"G29","v":{"v":159,"d":"$159.00"}},{"$f":"G29","v":{"v":159,"d":"$159.00"}},{"$f":"H29","v":{"v":159,"d":"$159.00"}},{"$f":"G29","v":{"v":159,"d":"$159.00"}},{"$f":"H29+I29+J29+K29","v":{"v":636,"d":"$636.00"}}]
[null,2,"Kareta Tenki",1,null,{"v":90.5,"d":"$90.50"},{"$f":"F30*D30","v":{"v":90.5,"d":"$90.50"}},{"$f":"G30","v":{"v":90.5,"d":"$90.50"}},{"$f":"G30","v":{"v":90.5,"d":"$90.50"}},{"$f":"G30","v":{"v":90.5,"d":"$90.50"}},{"$f":"G30","v":{"v":90.5,"d":"$90.50"}},{"$f":"H30+I30+J30+K30","v":{"v":362,"d":"$362.00"}}]
[null,3,"Motor",5,null,{"v":30,"d":"$30.00"},{"$f":"F31*D31","v":{"v":150,"d":"$150.00"}},{"$f":"G31","v":{"v":150,"d":"$150.00"}},{"$f":"G31","v":{"v":150,"d":"$150.00"}},{"$f":"G31","v":{"v":150,"d":"$150.00"}},{"$f":"G31","v":{"v":150,"d":"$150.00"}},{"$f":"H31+I31+J31+K31","v":{"v":600,"d":"$600.00"}}]
[null,"Total",{"$nulls":5},{"$f":"SUM(H29:H31)","v":{"v":399.5,"d":"$399.50"}},{"$f":"SUM(I29:I31)","v":{"v":399.5,"d":"$399.50"}},{"v":399.5,"d":"$399.50"},{"v":399.5,"d":"$399.50"},{"$f":"SUM(L29:L31)","v":{"v":1598,"d":"$1,598.00"}}]
[]
[null,"Outros Combustivel"]
[null,"Nu","Deskrisaun","QTY",null,"Presu Unidade","Total Presu","Alokasaun kada Quarter"]
[{"$nulls":7},"Q1","Q2","Q3","Q4","Alokasaun"]
[null,1,"Makina kua Du'ut",4,null,{"v":15,"d":"$15.00"},{"$f":"F37*D37","v":{"v":60,"d":"$60.00"}},{"$f":"G37","v":{"v":60,"d":"$60.00"}},{"$f":"G37","v":{"v":60,"d":"$60.00"}},{"$f":"H37","v":{"v":60,"d":"$60.00"}},{"$f":"G37","v":{"v":60,"d":"$60.00"}},{"$f":"H37+I37+J37+K37","v":{"v":240,"d":"$240.00"}}]
[null,"Total",{"$nulls":9},{"$f":"SUM(L37:L37)","v":{"v":240,"d":"$240.00"}}]
[]
[null,"Outros Bens Correntes"]
[null,"Nu","Deskrisaun","QTY","Unit","Presu Unidade","Total Presu","Alokasaun kada Quarter"]
[{"$nulls":7},"Q1","Q2","Q3","Q4","Alokasaun"]
[null,1,"Galv. Union 2 1/2''",1,"Pcs",{"v":15,"d":"$15.00"},{"$f":"SUM(F43*D43)","v":{"v":15,"d":"$15.00"}},{"$f":"G43","v":{"v":15,"d":"$15.00"}},{"$f":"G43","v":{"v":15,"d":"$15.00"}},{"$f":"H43","v":{"v":15,"d":"$15.00"}},{"$f":"G43","v":{"v":15,"d":"$15.00"}},{"$f":"SUM(H43:K43)","v":{"v":60,"d":"$60.00"}}]
[null,2,"Galv. Hex nipple 1''",5,"Pcs",{"v":1.4,"d":"$1.40"},{"$f":"SUM(F44*D44)","v":{"v":7,"d":"$7.00"}},{"$f":"G44","v":{"v":7,"d":"$7.00"}},{"$f":"H44","v":{"v":7,"d":"$7.00"}},{"v":7,"d":"$7.00"},{"v":7,"d":"$7.00"},{"$f":"SUM(H44:K44)","v":{"v":28,"d":"$28.00"}}]
[null,3,"Galv. Hex nipple 1 1/2''",5,"Pcs",{"v":2.8,"d":"$2.80"},{"v":14,"d":"$14.00"},{"$f":"G45","v":{"v":14,"d":"$14.00"}},{"$f":"H45","v":{"v":14,"d":"$14.00"}},{"v":14,"d":"$14.00"},{"v":14,"d":"$14.00"},{"v":56,"d":"$56.00"}]
[null,4,"Galv. Hex nipple 2''",5,"Pcs",{"v":2.9,"d":"$2.90"},{"v":14.5,"d":"$14.50"},{"$f":"G46","v":{"v":14.5,"d":"$14.50"}},{"v":14.5,"d":"$14.50"},{"v":14.5,"d":"$14.50"},{"v":14.5,"d":"$14.50"},{"v":58,"d":"$58.00"}]
[null,5,"Galv. Union  3/4''",10,"Pcs",{"v":2.9,"d":"$2.90"},{"v":29,"d":"$29.00"},{"$f":"G47","v":{"v":29,"d":"$29.00"}},{"v":29,"d":"$29.00"},{"v":29,"d":"$29.00"},{"v":29,"d":"$29.00"},{"v":116,"d":"$116.00"}]
[null,6,"Galv. Socket reducing",5,"Pcs",{"v":1.6,"d":"$1.60"},{"v":8,"d":"$8.00"},{"$f":"G48","v":{"v":8,"d":"$8.00"}},{"v":8,"d":"$8.00"},{"v":8,"d":"$8.00"},{"v":8,"d":"$8.00"},{"v":32,"d":"$32.00"}]
[null,7,"Galv. Socket 1''",20,"Pcs",{"v":1.5,"d":"$1.50"},{"v":30,"d":"$30.00"},{"$f":"G49","v":{"v":30,"d":"$30.00"}},{"v":30,"d":"$30.00"},{"v":30,"d":"$30.00"},{"v":30,"d":"$30.00"},{"v":120,"d":"$120.00"}]
[null,8,"Galv. Elbow 3/4''",13,"Pcs",{"v":1.3,"d":"$1.30"},{"v":16.900000000000002,"d":"$16.90"},{"$f":"G50","v":{"v":16.900000000000002,"d":"$16.90"}},{"$f":"H50","v":{"v":16.900000000000002,"d":"$16.90"}},{"v":16.900000000000002,"d":"$16.90"},{"v":16.900000000000002,"d":"$16.90"},{"v":67.60000000000001,"d":"$67.60"}]
[null,9,"Galv. elbow 1''",10,"Pcs",{"v":1.75,"d":"$1.75"},{"v":17.5,"d":"$17.50"},{"$f":"G51","v":{"v":17.5,"d":"$17.50"}},{"v":17.5,"d":"$17.50"},{"v":17.5,"d":"$17.50"},{"v":17.5,"d":"$17.50"},{"v":70,"d":"$70.00"}]
[null,10,"Galv. Tee Reducing 1'' x 3/4'' x 1''",5,"Pcs",{"v":2.2,"d":"$2.20"},{"v":11,"d":"$11.00"},{"$f":"G52","v":{"v":11,"d":"$11.00"}},{"v":11,"d":"$11.00"},{"v":11,"d":"$11.00"},{"v":11,"d":"$11.00"},{"v":44,"d":"$44.00"}]
[null,11,"Galv. Socket reducing 1 1/2'' x 1''",4,"Pcs",{"v":2.1,"d":"$2.10"},{"v":8.4,"d":"$8.40"},{"$f":"G53","v":{"v":8.4,"d":"$8.40"}},{"v":8.4,"d":"$8.40"},{"v":8.4,"d":"$8.40"},{"v":8.4,"d":"$8.40"},{"v":33.6,"d":"$33.60"}]
[null,12,"Galv. Socket 3/4''",25,"Pcs",{"v":0.85,"d":"$0.85"},{"v":21.25,"d":"$21.25"},{"$f":"G54","v":{"v":21.25,"d":"$21.25"}},{"v":21.25,"d":"$21.25"},{"v":21.25,"d":"$21.25"},{"v":21.25,"d":"$21.25"},{"v":85,"d":"$85.00"}]
[null,13,"Galv. Socket 3/4''",6,"Pcs",{"v":0.85,"d":"$0.85"},{"v":5.1,"d":"$5.10"},{"$f":"G55","v":{"v":5.1,"d":"$5.10"}},{"v":5.1,"d":"$5.10"},{"v":5.1,"d":"$5.10"},{"v":5.1,"d":"$5.10"},{"v":20.4,"d":"$20.40"}]
[null,14,"Galv. Socket 1''",8,"Pcs",{"v":1.5,"d":"$1.50"},{"v":12,"d":"$12.00"},{"$f":"G56","v":{"v":12,"d":"$12.00"}},{"v":12,"d":"$12.00"},{"v":12,"d":"$12.00"},{"v":12,"d":"$12.00"},{"v":48,"d":"$48.00"}]
[null,15,"Galv. Union 3/4''",6,"Pcs",{"v":2.9,"d":"$2.90"},{"v":17.4,"d":"$17.40"},{"$f":"G57","v":{"v":17.4,"d":"$17.40"}},{"v":17.4,"d":"$17.40"},{"v":17.4,"d":"$17.40"},{"v":17.4,"d":"$17.40"},{"v":69.6,"d":"$69.60"}]
[null,16,"Galv. Union 1''",6,"Pcs",{"v":3.6,"d":"$3.60"},{"v":21.6,"d":"$21.60"},{"$f":"G58","v":{"v":21.6,"d":"$21.60"}},{"v":21.6,"d":"$21.60"},{"v":21.6,"d":"$21.60"},{"v":21.6,"d":"$21.60"},{"v":86.4,"d":"$86.40"}]
[null,17,"Galv. Elbow 3/4''",6,"Pcs",{"v":1.3,"d":"$1.30"},{"v":7.800000000000001,"d":"$7.80"},{"$f":"G59","v":{"v":7.800000000000001,"d":"$7.80"}},{"v":7.800000000000001,"d":"$7.80"},{"v":7.800000000000001,"d":"$7.80"},{"v":7.800000000000001,"d":"$7.80"},{"v":31.200000000000003,"d":"$31.20"}]
[null,18,"Galv. Elbow 1''",5,"Pcs",{"v":1.75,"d":"$1.75"},{"v":8.75,"d":"$8.75"},{"$f":"G60","v":{"v":8.75,"d":"$8.75"}},{"v":8.75,"d":"$8.75"},{"v":8.75,"d":"$8.75"},{"v":8.75,"d":"$8.75"},{"v":35,"d":"$35.00"}]
[null,19,"Galv. Hex nipple 3/4''",8,"Pcs",{"v":1,"d":"$1.00"},{"v":8,"d":"$8.00"},{"$f":"G61","v":{"v":8,"d":"$8.00"}},{"v":8,"d":"$8.00"},{"v":8,"d":"$8.00"},{"v":8,"d":"$8.00"},{"v":32,"d":"$32.00"}]
[null,20,"Galv. Hex nipple 1''",7,"Pcs",{"v":1.4,"d":"$1.40"},{"v":9.799999999999999,"d":"$9.80"},{"$f":"G62","v":{"v":9.799999999999999,"d":"$9.80"}},{"v":9.799999999999999,"d":"$9.80"},{"v":9.799999999999999,"d":"$9.80"},{"v":9.799999999999999,"d":"$9.80"},{"v":39.199999999999996,"d":"$39.20"}]
[null,21,"Besi Pipa Spindo 1 1/4''",10,"btg",{"v":28,"d":"$28.00"},{"v":280,"d":"$280.00"},{"$f":"G63","v":{"v":280,"d":"$280.00"}},{"v":280,"d":"$280.00"},{"v":280,"d":"$280.00"},{"v":280,"d":"$280.00"},{"v":1120,"d":"$1,120.00"}]
[null,22,"Besi Pipa Spindo 1 ''",20,"btg",{"v":21.5,"d":"$21.50"},{"$f":"SUM(F64*D64)","v":{"v":430,"d":"$430.00"}},{"$f":"G64","v":{"v":430,"d":"$430.00"}},{"v":430,"d":"$430.00"},{"v":430,"d":"$430.00"},{"v":430,"d":"$430.00"},{"v":1720,"d":"$1,720.00"}]
[null,23,"Besi Pipa Spindo 3/4 ''",20,"btg",{"v":16.5,"d":"$16.50"},{"v":330,"d":"$330.00"},{"$f":"G65","v":{"v":330,"d":"$330.00"}},{"v":330,"d":"$330.00"},{"v":330,"d":"$330.00"},{"v":330,"d":"$330.00"},{"v":1320,"d":"$1,320.00"}]
[null,24,"PE Pipa 1 1/4 '' (40mm)",3,"roll",{"v":120,"d":"$120.00"},{"$f":"SUM(F66*D66)","v":{"v":360,"d":"$360.00"}},{"$f":"G66","v":{"v":360,"d":"$360.00"}},{"v":360,"d":"$360.00"},{"v":360,"d":"$360.00"},{"v":360,"d":"$360.00"},{"v":1440,"d":"$1,440.00"}]
[null,25,"PE Pipa 1 1/2 '' (50mm)",3,"roll",{"v":180,"d":"$180.00"},{"$f":"SUM(F67*D67)","v":{"v":540,"d":"$540.00"}},{"$f":"G67","v":{"v":540,"d":"$540.00"}},{"v":540,"d":"$540.00"},{"v":540,"d":"$540.00"},{"v":540,"d":"$540.00"},{"v":2160,"d":"$2,160.00"}]
[null,26,"Stop Kran Besi 3/4''",15,"Pcs",{"v":3,"d":"$3.00"},{"v":45,"d":"$45.00"},{"$f":"G68","v":{"v":45,"d":"$45.00"}},{"v":45,"d":"$45.00"},{"v":45,"d":"$45.00"},{"v":45,"d":"$45.00"},{"v":180,"d":"$180.00"}]
[null,27,"Besi Water Mur 2''",20,"Pcs",{"v":6.5,"d":"$6.50"},{"v":130,"d":"$130.00"},{"$f":"G69","v":{"v":130,"d":"$130.00"}},{"v":130,"d":"$130.00"},{"v":130,"d":"$130.00"},{"v":130,"d":"$130.00"},{"v":520,"d":"$520.00"}]
[null,28,"Besi Socket 2''",20,"Pcs",{"v":3.5,"d":"$3.50"},{"v":70,"d":"$70.00"},{"$f":"G70","v":{"v":70,"d":"$70.00"}},{"v":70,"d":"$70.00"},{"v":70,"d":"$70.00"},{"v":70,"d":"$70.00"},{"v":280,"d":"$280.00"}]
[null,29,"Besi Elbow 1 1/4''",15,"Pcs",{"v":2.5,"d":"$2.50"},{"v":37.5,"d":"$37.50"},{"$f":"G71","v":{"v":37.5,"d":"$37.50"}},{"v":37.5,"d":"$37.50"},{"v":37.5,"d":"$37.50"},{"v":37.5,"d":"$37.50"},{"v":150,"d":"$150.00"}]
[null,30,"Besi Socket 1 1/4''",14,"Pcs",{"v":2.5,"d":"$2.50"},{"v":35,"d":"$35.00"},{"$f":"G72","v":{"v":35,"d":"$35.00"}},{"v":35,"d":"$35.00"},{"v":35,"d":"$35.00"},{"v":35,"d":"$35.00"},{"v":140,"d":"$140.00"}]
[null,31,"Besi Water Mur 1 1/4''",15,"Pcs",{"v":5,"d":"$5.00"},{"v":75,"d":"$75.00"},{"$f":"G73","v":{"v":75,"d":"$75.00"}},{"v":75,"d":"$75.00"},{"v":75,"d":"$75.00"},{"v":75,"d":"$75.00"},{"v":300,"d":"$300.00"}]
[null,32,"Besi Water Mur 1''",20,"Pcs",{"v":4,"d":"$4.00"},{"v":80,"d":"$80.00"},{"$f":"G74","v":{"v":80,"d":"$80.00"}},{"v":80,"d":"$80.00"},{"v":80,"d":"$80.00"},{"v":80,"d":"$80.00"},{"v":320,"d":"$320.00"}]
[null,33,"PE Socket 1 1/4''",20,"Pcs",{"v":4,"d":"$4.00"},{"v":80,"d":"$80.00"},{"$f":"G75","v":{"v":80,"d":"$80.00"}},{"v":80,"d":"$80.00"},{"v":80,"d":"$80.00"},{"v":80,"d":"$80.00"},{"v":320,"d":"$320.00"}]
[null,34,"Besi Over Socket 1'' x 3/4''",15,"Pcs",{"v":3,"d":"$3.00"},{"v":45,"d":"$45.00"},{"$f":"G76","v":{"v":45,"d":"$45.00"}},{"v":45,"d":"$45.00"},{"v":45,"d":"$45.00"},{"v":45,"d":"$45.00"},{"v":180,"d":"$180.00"}]
[null,35,"PE Over Socket 1 1/2'' x 1 1/4''",15,"Pcs",{"v":5,"d":"$5.00"},{"v":75,"d":"$75.00"},{"$f":"G77","v":{"v":75,"d":"$75.00"}},{"v":75,"d":"$75.00"},{"v":75,"d":"$75.00"},{"v":75,"d":"$75.00"},{"v":300,"d":"$300.00"},{"$nulls":5}," "]
[null,36,"PE Socket 1 1/2''",10,"Pcs",{"v":5,"d":"$5.00"},{"v":50,"d":"$50.00"},{"$f":"G78","v":{"v":50,"d":"$50.00"}},{"v":50,"d":"$50.00"},{"v":50,"d":"$50.00"},{"v":50,"d":"$50.00"},{"v":200,"d":"$200.00"}]
[null,37,"PE Socket 2''",20,"Pcs",{"v":6,"d":"$6.00"},{"$f":"SUM(F79*D79)","v":{"v":120,"d":"$120.00"}},{"$f":"G79","v":{"v":120,"d":"$120.00"}},{"v":120,"d":"$120.00"},{"v":120,"d":"$120.00"},{"v":120,"d":"$120.00"},{"v":480,"d":"$480.00"}]
[null,38,"PE Socket 1''",20,"Pcs",{"v":3,"d":"$3.00"},{"v":60,"d":"$60.00"},{"$f":"G80","v":{"v":60,"d":"$60.00"}},{"v":60,"d":"$60.00"},{"v":60,"d":"$60.00"},{"v":60,"d":"$60.00"},{"v":240,"d":"$240.00"}]
[null,39,"PE Over Socket 3/4'' x  1/2''",19,"Pcs",{"v":2,"d":"$2.00"},{"v":38,"d":"$38.00"},{"$f":"G81","v":{"v":38,"d":"$38.00"}},{"v":38,"d":"$38.00"},{"v":38,"d":"$38.00"},{"v":38,"d":"$38.00"},{"v":152,"d":"$152.00"}]
[null,40,"PE Over Socket 1'' x  3/4''",15,"Pcs",{"v":3,"d":"$3.00"},{"v":45,"d":"$45.00"},{"$f":"G82","v":{"v":45,"d":"$45.00"}},{"v":45,"d":"$45.00"},{"v":45,"d":"$45.00"},{"v":45,"d":"$45.00"},{"v":180,"d":"$180.00"}]
[null,41,"PE Socket 3/4''",16,"Pcs",{"v":2,"d":"$2.00"},{"v":32,"d":"$32.00"},{"$f":"G83","v":{"v":32,"d":"$32.00"}},{"v":32,"d":"$32.00"},{"v":32,"d":"$32.00"},{"v":32,"d":"$32.00"},{"v":128,"d":"$128.00"}]
[null,42,"PE Socket drat dalam 3/4''",16,"Pcs",{"v":2,"d":"$2.00"},{"v":32,"d":"$32.00"},{"$f":"G84","v":{"v":32,"d":"$32.00"}},{"v":32,"d":"$32.00"},{"v":32,"d":"$32.00"},{"v":32,"d":"$32.00"},{"v":128,"d":"$128.00"}]
[null,43,"PE Tee 3/4''",15,"Pcs",{"v":2.5,"d":"$2.50"},{"v":37.5,"d":"$37.50"},{"$f":"G85","v":{"v":37.5,"d":"$37.50"}},{"v":37.5,"d":"$37.50"},{"v":37.5,"d":"$37.50"},{"v":37.5,"d":"$37.50"},{"v":150,"d":"$150.00"}]
[null,44,"PE Over Tee 3/4'' x 1/2''",15,"Pcs",{"v":2.5,"d":"$2.50"},{"v":37.5,"d":"$37.50"},{"$f":"G86","v":{"v":37.5,"d":"$37.50"}},{"v":37.5,"d":"$37.50"},{"v":37.5,"d":"$37.50"},{"v":37.5,"d":"$37.50"},{"v":150,"d":"$150.00"}]
[null,45,"PE Over Tee 1'' x 3/4''",15,"Pcs",{"v":3.5,"d":"$3.50"},{"v":52.5,"d":"$52.50"},{"$f":"G87","v":{"v":52.5,"d":"$52.50"}},{"v":52.5,"d":"$52.50"},{"v":52.5,"d":"$52.50"},{"v":52.5,"d":"$52.50"},{"v":210,"d":"$210.00"}]
[null,"Total",{"$nulls":5},{"$f":"SUM(H43:H87)","v":{"v":3400,"d":"$3,400.00"}},{"$f":"SUM(I43:I87)","v":{"v":3400,"d":"$3,400.00"}},{"v":3400,"d":"$3,400.00"},{"v":3400,"d":"$3,400.00"},{"$f":"SUM(L43:L87)","v":{"v":13600,"d":"$13,600.00"}}]
[]
[null,"Limpeza e Seguransa"]
[null,"Nu","Deskrisaun","QTY",null,"Presu Unidade","Total Presu","Alokasaun kada Quarter"]
[{"$nulls":7},"Q1","Q2","Q3","Q4","Alokasaun"]
[null,1,"Aisar",2,null,{"v":2.5,"d":"$2.50"},{"$f":"F93*D93","v":{"v":5,"d":"$5.00"}},{"$f":"G93","v":{"v":5,"d":"$5.00"}},{"$f":"G93","v":{"v":5,"d":"$5.00"}},{"$f":"H93","v":{"v":5,"d":"$5.00"}},{"$f":"G93","v":{"v":5,"d":"$5.00"}},{"$f":"H93+I93+J93+K93","v":{"v":20,"d":"$20.00"}}]
[null,2,"Klin Rai",2,null,{"v":5,"d":"$5.00"},{"$f":"F94*D94","v":{"v":10,"d":"$10.00"}},{"$f":"G94","v":{"v":10,"d":"$10.00"}},{"$f":"G94","v":{"v":10,"d":"$10.00"}},{"$f":"G94","v":{"v":10,"d":"$10.00"}},{"$f":"G94","v":{"v":10,"d":"$10.00"}},{"$f":"H94+I94+J94+K94","v":{"v":40,"d":"$40.00"}}]
[null,3,"Aisar kesak",3,null,{"v":4.5,"d":"$4.50"},{"$f":"F95*D95","v":{"v":13.5,"d":"$13.50"}},{"$f":"G95","v":{"v":13.5,"d":"$13.50"}},{"$f":"G95","v":{"v":13.5,"d":"$13.50"}},{"$f":"G95","v":{"v":13.5,"d":"$13.50"}},{"$f":"G95","v":{"v":13.5,"d":"$13.50"}},{"$f":"H95+I95+J95+K95","v":{"v":54,"d":"$54.00"}}]
[null,4,"Protex",3,null,{"v":4,"d":"$4.00"},{"v":12,"d":"$12.00"},{"v":12,"d":"$12.00"},{"v":12,"d":"$12.00"},{"v":12,"d":"$12.00"},{"v":12,"d":"$12.00"},{"v":48,"d":"$48.00"}]
[null,5,"Rinso",2,null,{"v":1.5,"d":"$1.50"},{"$f":"F97*D97","v":{"v":3,"d":"$3.00"}},{"v":3,"d":"$3.00"},{"$f":"G97","v":{"v":3,"d":"$3.00"}},{"$f":"G97","v":{"v":3,"d":"$3.00"}},{"$f":"G97","v":{"v":3,"d":"$3.00"}},{"$f":"H97+I97+J97+K97","v":{"v":12,"d":"$12.00"}}]
[null,6,"Handshop",3,null,{"v":1,"d":"$1.00"},{"v":3,"d":"$3.00"},{"v":3,"d":"$3.00"},{"v":3,"d":"$3.00"},{"v":3,"d":"$3.00"},{"v":3,"d":"$3.00"},{"v":12,"d":"$12.00"}]
[null,7,"baifres",2,null,{"v":2.5,"d":"$2.50"},{"$f":"F99*D99","v":{"v":5,"d":"$5.00"}},{"$f":"G99","v":{"v":5,"d":"$5.00"}},{"$f":"G99","v":{"v":5,"d":"$5.00"}},{"$f":"G99","v":{"v":5,"d":"$5.00"}},{"$f":"G99","v":{"v":5,"d":"$5.00"}},{"$f":"H99+I99+J99+K99","v":{"v":20,"d":"$20.00"}}]
[null,"Total",{"$nulls":5},{"$f":"SUM(H93:H99)","v":{"v":51.5,"d":"$51.50"}},{"$f":"SUM(I93:I99)","v":{"v":51.5,"d":"$51.50"}},{"v":51.5,"d":"$51.50"},{"v":51.5,"d":"$51.50"},{"$f":"SUM(L93:L99)","v":{"v":206,"d":"$206.00"}}]
[]
[null,"Fornesimento Agua"]
[null,"Nu","Deskrisaun","QTY",null,"Presu Unidade","Total Presu","Alokasaun kada Quarter"]
[{"$nulls":7},"Q1","Q2","Q3","Q4","Alokasaun"]
[null,1,"Selu tarifa Be'e",3,null,{"v":10.083,"d":"$10.08"},{"$f":"D105*F105","v":{"v":30.249000000000002,"d":"$30.25"}},{"$f":"G105","v":{"v":30.249000000000002,"d":"$30.25"}},{"$f":"G105","v":{"v":30.249000000000002,"d":"$30.25"}},{"$f":"H105","v":{"v":30.249000000000002,"d":"$30.25"}},{"$f":"G105","v":{"v":30.249000000000002,"d":"$30.25"}},{"$f":"H105+I105+J105+K105","v":{"v":120.99600000000001,"d":"$121.00"}}]
[null,"Total",{"$nulls":9},{"$f":"SUM(L105:L105)","v":{"v":120.99600000000001,"d":"$121.00"}}]
[]
[null,"Fornesimento Eletrisidade"]
[null,"Nu","Deskrisaun","QTY",null,"Presu Unidade","Total Presu","Alokasaun kada Quarter"]
[{"$nulls":7},"Q1","Q2","Q3","Q4","Alokasaun"]
[null,1,"Selu tarifa Eletrisidade",3,null,{"v":10.25,"d":"$10.25"},{"$f":"F111*D111","v":{"v":30.75,"d":"$30.75"}},{"$f":"G111","v":{"v":30.75,"d":"$30.75"}},{"$f":"G111","v":{"v":30.75,"d":"$30.75"}},{"$f":"H111","v":{"v":30.75,"d":"$30.75"}},{"$f":"G111","v":{"v":30.75,"d":"$30.75"}},{"$f":"H111+I111+J111+K111","v":{"v":123,"d":"$123.00"}}]
[null,"Total",{"$nulls":9},{"$f":"SUM(L111:L111)","v":{"v":123,"d":"$123.00"}}]
[]
[null,"Pulsa Komunikasaun"]
[null,"Nu","Deskrisaun","QTY",null,"Presu Unidade","Total Presu","Alokasaun kada Quarter"]
[{"$nulls":7},"Q1","Q2","Q3","Q4","Alokasaun"]
[null,1,"Director",1,null,{"v":200,"d":"$200.00"},{"$f":"F117*D117","v":{"v":200,"d":"$200.00"}},{"$f":"G117","v":{"v":200,"d":"$200.00"}},{"$f":"G117","v":{"v":200,"d":"$200.00"}},{"$f":"H117","v":{"v":200,"d":"$200.00"}},{"$f":"G117","v":{"v":200,"d":"$200.00"}},{"$f":"H117+I117+J117+K117","v":{"v":800,"d":"$800.00"}}]
[null,2,"Xefe Departamento",3,null,{"v":100,"d":"$100.00"},{"$f":"F118*D118","v":{"v":300,"d":"$300.00"}},{"$f":"G118","v":{"v":300,"d":"$300.00"}},{"$f":"G118","v":{"v":300,"d":"$300.00"}},{"$f":"G118","v":{"v":300,"d":"$300.00"}},{"$f":"G118","v":{"v":300,"d":"$300.00"}},{"$f":"H118+I118+J118+K118","v":{"v":1200,"d":"$1,200.00"}}]
[null,"Total",{"$nulls":5},{"$f":"SUM(H117:H118)","v":{"v":500,"d":"$500.00"}},{"$f":"SUM(I117:I118)","v":{"v":500,"d":"$500.00"}},{"v":500,"d":"$500.00"},{"v":500,"d":"$500.00"},{"$f":"SUM(L117:L118)","v":{"v":2000,"d":"$2,000.00"}}]
[]
[null,"Viagem Nasinal/Lokal "]
[null,"Nu","Deskrisaun","QTY","Person","Presu Unidade","Total Presu","Alokasaun kada Quarter"]
[{"$nulls":7},"Q1","Q2","Q3","Q4","Alokasaun"]
[null,1,"Director",4,1,{"v":60,"d":"$60.00"},{"$f":"F124*D124*E124","v":{"v":240,"d":"$240.00"}},{"$f":"G124","v":{"v":240,"d":"$240.00"}},{"$f":"H124","v":{"v":240,"d":"$240.00"}},{"v":240,"d":"$240.00"},{"v":240,"d":"$240.00"},{"$f":"H124+I124+J124+K124","v":{"v":960,"d":"$960.00"}}]
[null,2,"Xefe Departamento",3,3,{"v":60,"d":"$60.00"},{"$f":"F125*D125*E125","v":{"v":540,"d":"$540.00"}},{"v":540,"d":"$540.00"},{"$f":"H125","v":{"v":540,"d":"$540.00"}},{"v":540,"d":"$540.00"},{"v":540,"d":"$540.00"},{"v":2160,"d":"$2,160.00"}]
[null,3,"Staff",1,9,{"v":40,"d":"$40.00"},{"$f":"F126*D126*E126","v":{"v":360,"d":"$360.00"}},{"v":360,"d":"$360.00"},{"$f":"G126","v":{"v":360,"d":"$360.00"}},{"$f":"G126","v":{"v":360,"d":"$360.00"}},{"$f":"G126","v":{"v":360,"d":"$360.00"}},{"v":1440,"d":"$1,440.00"}]
[null,4,"Director",2,1,{"v":24,"d":"$24.00"},{"$f":"F127*D127*E127","v":{"v":48,"d":"$48.00"}},{"v":48,"d":"$48.00"},{"v":48,"d":"$48.00"},{"v":48,"d":"$48.00"},{"v":48,"d":"$48.00"},{"v":192,"d":"$192.00"}]
[null,5,"Xefe Departamento",3,3,{"v":48,"d":"$48.00"},{"$f":"F128*D128*E128","v":{"v":432,"d":"$432.00"}},{"v":432,"d":"$432.00"},{"v":432,"d":"$432.00"},{"v":432,"d":"$432.00"},{"v":432,"d":"$432.00"},{"v":1728,"d":"$1,728.00"}]
[null,6,"Staff",3,3,{"v":32,"d":"$32.00"},{"v":290,"d":"$290.00"},{"v":290,"d":"$290.00"},{"$f":"G129","v":{"v":290,"d":"$290.00"}},{"$f":"G129","v":{"v":290,"d":"$290.00"}},{"$f":"G129","v":{"v":290,"d":"$290.00"}},{"v":1160,"d":"$1,160.00"}]
[null,"Total",{"$nulls":5},{"$f":"SUM(H124:H129)","v":{"v":1910,"d":"$1,910.00"}},{"$f":"SUM(I124:I129)","v":{"v":1910,"d":"$1,910.00"}},{"v":1910,"d":"$1,910.00"},{"v":1910,"d":"$1,910.00"},{"$f":"SUM(L124:L129)","v":{"v":7640,"d":"$7,640.00"}}]
[]
[null,"Formasaun/Palestra"]
[null,"Nu","Deskrisaun","QTY",null,"Presu Unidade","Total Presu","Alokasaun kada Quarter"]
[{"$nulls":7},"Q1","Q2","Q3","Q4","Alokasaun"]
[null,1,"Formasaun Tekniku no hari GMF",3,null,{"v":100,"d":"$100.00"},{"$f":"F135*D135","v":{"v":300,"d":"$300.00"}},{"$f":"G135","v":{"v":300,"d":"$300.00"}},{"$f":"G135","v":{"v":300,"d":"$300.00"}},{"$f":"H135","v":{"v":300,"d":"$300.00"}},{"$f":"G135","v":{"v":300,"d":"$300.00"}},{"$f":"H135+I135+J135+K135","v":{"v":1200,"d":"$1,200.00"}}]
[null,"Total",{"$nulls":9},{"$f":"SUM(L135:L135)","v":{"v":1200,"d":"$1,200.00"}}]
[null,"Nu","Deskrisaun","QTY (FULAN 3)",null,"PRESU (KADA FULAN)","Total Presu","Alokasaun kada Quarter"]
[{"$nulls":7},"Q1","Q2","Q3","Q4","Alokasaun"]
[null,1,"Aluguer Truck ba Limpeza Saneamento iha Ainaro Villa",3,null,{"v":1473.368,"d":"$1,473.37"},{"$f":"F139*D139","v":{"v":4420.103999999999,"d":"$4,420.10"}},{"$f":"F139*1","v":{"v":1473.368,"d":"$1,473.37"}},{"$f":"F139*D139","v":{"v":4420.103999999999,"d":"$4,420.10"}},{"$f":"F139*D139","v":{"v":4420.103999999999,"d":"$4,420.10"}},{"$f":"F139*D139","v":{"v":4420.103999999999,"d":"$4,420.10"}},{"$f":"H139+I139+J139+K139","v":{"v":14733.679999999998,"d":"$14,733.68"}}]
[null,2,"Aluguer Truck ba Limpeza Saneamento iha Maubisse Villa",3,null,{"v":1473.368,"d":"$1,473.37"},{"$f":"F140*D140","v":{"v":4420.103999999999,"d":"$4,420.10"}},{"v":4838,"d":"$4,838.00"},{"$f":"F140*D140","v":{"v":4420.103999999999,"d":"$4,420.10"}},{"$f":"D140*F140","v":{"v":4420.103999999999,"d":"$4,420.10"}},{"$f":"D140*F140","v":{"v":4420.103999999999,"d":"$4,420.10"}},{"$f":"H140+I140+J140+K140","v":{"v":18098.311999999998,"d":"$18,098.31"}}]
[null,"Total",{"$nulls":5},{"$f":"SUM(H139:H140)","v":{"v":6311.368,"d":"$6,311.37"}},{"$f":"SUM(I139:I140)","v":{"v":8840.207999999999,"d":"$8,840.21"}},{"$f":"SUM(J139:J140)","v":{"v":8840.207999999999,"d":"$8,840.21"}},{"$f":"SUM(K139:K140)","v":{"v":8840.207999999999,"d":"$8,840.21"}},{"$f":"SUM(L139:L140)","v":{"v":32831.992,"d":"$32,832.0"}}]
[]
[{"$nulls":8},"Ainaro, 28/01/2026"]
[null,null,"Prepara husi",{"$nulls":5},"Verefica husi"]
[]
[null,null,"(Rasino Soares Pinto)",{"$nulls":5},"(Feliciano da C. Verdial)"]
[null,null,"Xefe Dept. Planeamento",{"$nulls":5},"Director"]

{"sheet":"Aprovisionamento","index":9,"n_rows":53,"n_cols":12,"rows_kept":53,"merged":[[6,1,6,11],[8,1,8,11],[9,1,10,1],[9,2,10,2],[9,3,10,4],[9,5,10,5],[9,6,10,6],[9,7,9,10],[11,3,11,4],[12,3,12,4],[13,1,13,6],[16,1,16,11],[17,1,18,1],[17,2,18,2],[17,3,18,4],[17,5,18,5],[17,6,18,6],[17,7,17,10],[19,3,19,4],[20,3,20,4],[21,3,21,4],[22,3,22,4],[23,1,23,6],[25,1,25,11],[26,1,27,1],[26,2,27,2],[26,3,27,4],[26,5,27,5],[26,6,27,6],[26,7,26,10],[28,3,28,4],[29,3,29,4],[30,3,30,4],[31,1,31,6],[33,1,33,11],[34,1,35,1],[34,2,35,2],[34,3,35,4],[34,5,35,5],[34,6,35,6],[34,7,34,10],[36,3,36,4],[37,1,37,6],[40,1,40,11],[41,1,42,1],[41,2,42,2],[41,3,42,4],[41,5,42,5],[41,6,42,6],[41,7,41,10],[43,3,43,4],[44,3,44,4],[45,1,45,6],[48,8,48,9],[49,8,49,9],[51,8,51,9],[52,8,52,9]]}
[]
[]
[]
[]
[]
[]
[null,"BENS E SERVICOS BA PROSESU APROVISIONAMENTO"]
[]
[null,"Aluguer Kareta Truck ba Limpeza Saneamento"]
[null,"Nu","Deskrisaun","QTY (FULAN 3)",null,"PRESU (KADA FULAN)","Total Presu","Alokasaun kada Quarter"]
[{"$nulls":7},"Q1","Q2","Q3","Q4","Alokasaun"]
[null,1,"Aluguer Truck ba Limpeza Saneamento iha Ainaro Villa",3,null,{"v":1473.368,"d":"$1,473.37"},{"$f":"F12*D12","v":{"v":4420.103999999999,"d":"$4,420.10"}},{"$f":"F12*1","v":{"v":1473.368,"d":"$1,473.37"}},{"$f":"F12*D12","v":{"v":4420.103999999999,"d":"$4,420.10"}},{"$f":"F12*D12","v":{"v":4420.103999999999,"d":"$4,420.10"}},{"$f":"F12*D12","v":{"v":4420.103999999999,"d":"$4,420.10"}},{"$f":"H12+I12+J12+K12","v":{"v":14733.679999999998,"d":"$14,733.68"}}]
[null,2,"Aluguer Truck ba Limpeza Saneamento iha Maubisse Villa",3,null,{"v":1473.368,"d":"$1,473.37"},{"$f":"F13*D13","v":{"v":4420.103999999999,"d":"$4,420.10"}},{"v":4838,"d":"$4,838.00"},{"$f":"F13*D13","v":{"v":4420.103999999999,"d":"$4,420.10"}},{"$f":"D13*F13","v":{"v":4420.103999999999,"d":"$4,420.10"}},{"$f":"D13*F13","v":{"v":4420.103999999999,"d":"$4,420.10"}},{"$f":"H13+I13+J13+K13","v":{"v":18098.311999999998,"d":"$18,098.31"}}]
[null,"Total",{"$nulls":5},{"$f":"SUM(H12:H13)","v":{"v":6311.368,"d":"$6,311.37"}},{"$f":"SUM(I12:I13)","v":{"v":8840.207999999999,"d":"$8,840.21"}},{"$f":"SUM(J12:J13)","v":{"v":8840.207999999999,"d":"$8,840.21"}},{"$f":"SUM(K12:K13)","v":{"v":8840.207999999999,"d":"$8,840.21"}},{"$f":"SUM(L12:L13)","v":{"v":32831.992,"d":"$32,832.0"}}]
[]
[]
[null,"MATERIAL ESKRITORIO"]
[null,"Nu","Deskrisaun","QTY",null,"Presu Unidade","Total Presu","Alokasaun kada Quarter"]
[{"$nulls":7},"Q1","Q2","Q3","Q4","Alokasaun"]
[null,1,"HVS",1,null,{"v":25,"d":"$25.00"},{"$f":"F20*D20","v":{"v":25,"d":"$25.00"}},{"$f":"G20","v":{"v":25,"d":"$25.00"}},{"$f":"G20","v":{"v":25,"d":"$25.00"}},{"$f":"H20","v":{"v":25,"d":"$25.00"}},{"$f":"G20","v":{"v":25,"d":"$25.00"}},{"$f":"H20+I20+J20+K20","v":{"v":100,"d":"$100.00"}}]
[null,2,"Lapijeira Pilot G-2",4,null,{"v":2.5,"d":"$2.50"},{"$f":"F21*D21","v":{"v":10,"d":"$10.00"}},{"$f":"G21","v":{"v":10,"d":"$10.00"}},{"$f":"G21","v":{"v":10,"d":"$10.00"}},{"$f":"G21","v":{"v":10,"d":"$10.00"}},{"$f":"G21","v":{"v":10,"d":"$10.00"}},{"$f":"H21+I21+J21+K21","v":{"v":40,"d":"$40.00"}}]
[null,3,"Espidol",5,null,{"v":1,"d":"$1.00"},{"$f":"F22*D22","v":{"v":5,"d":"$5.00"}},{"$f":"G22","v":{"v":5,"d":"$5.00"}},{"$f":"G22","v":{"v":5,"d":"$5.00"}},{"$f":"G22","v":{"v":5,"d":"$5.00"}},{"$f":"G22","v":{"v":5,"d":"$5.00"}},{"$f":"H22+I22+J22+K22","v":{"v":20,"d":"$20.00"}}]
[null,4,"Toner ",1,null,{"v":80,"d":"$80.00"},{"$f":"F23*D23","v":{"v":80,"d":"$80.00"}},{"$f":"G23","v":{"v":80,"d":"$80.00"}},{"$f":"G23","v":{"v":80,"d":"$80.00"}},{"$f":"G23","v":{"v":80,"d":"$80.00"}},{"$f":"G23","v":{"v":80,"d":"$80.00"}},{"$f":"H23+I23+J23+K23","v":{"v":320,"d":"$320.00"}}]
[null,"Total",{"$nulls":5},{"$f":"SUM(H20:H23)","v":{"v":120,"d":"$120.00"}},{"$f":"SUM(I20:I23)","v":{"v":120,"d":"$120.00"}},{"v":120,"d":"$120.00"},{"v":120,"d":"$120.00"},{"$f":"SUM(L20:L23)","v":{"v":480,"d":"$480.00"}}]
[]
[null,"Combustivel para Veiculos"]
[null,"Nu","Deskrisaun","QTY",null,"Presu Unidade","Total Presu","Alokasaun kada Quarter"]
[{"$nulls":7},"Q1","Q2","Q3","Q4","Alokasaun"]
[null,1,"Kareta Operasional",1,null,{"v":159,"d":"$159.00"},{"$f":"F29*D29","v":{"v":159,"d":"$159.00"}},{"$f":"G29","v":{"v":159,"d":"$159.00"}},{"$f":"G29","v":{"v":159,"d":"$159.00"}},{"$f":"H29","v":{"v":159,"d":"$159.00"}},{"$f":"G29","v":{"v":159,"d":"$159.00"}},{"$f":"H29+I29+J29+K29","v":{"v":636,"d":"$636.00"}}]
[null,2,"Kareta Tanki Be'e",1,null,{"v":90.5,"d":"$90.50"},{"$f":"F30*D30","v":{"v":90.5,"d":"$90.50"}},{"$f":"G30","v":{"v":90.5,"d":"$90.50"}},{"$f":"G30","v":{"v":90.5,"d":"$90.50"}},{"$f":"G30","v":{"v":90.5,"d":"$90.50"}},{"$f":"G30","v":{"v":90.5,"d":"$90.50"}},{"$f":"H30+I30+J30+K30","v":{"v":362,"d":"$362.00"}}]
[null,3,"Motor",5,null,{"v":30,"d":"$30.00"},{"$f":"F31*D31","v":{"v":150,"d":"$150.00"}},{"$f":"G31","v":{"v":150,"d":"$150.00"}},{"$f":"G31","v":{"v":150,"d":"$150.00"}},{"$f":"G31","v":{"v":150,"d":"$150.00"}},{"$f":"G31","v":{"v":150,"d":"$150.00"}},{"$f":"H31+I31+J31+K31","v":{"v":600,"d":"$600.00"}}]
[null,"Total",{"$nulls":5},{"$f":"SUM(H29:H31)","v":{"v":399.5,"d":"$399.50"}},{"$f":"SUM(I29:I31)","v":{"v":399.5,"d":"$399.50"}},{"v":399.5,"d":"$399.50"},{"v":399.5,"d":"$399.50"},{"$f":"SUM(L29:L31)","v":{"v":1598,"d":"$1,598.00"}}]
[]
[null,"Outros Combustivel"]
[null,"Nu","Deskrisaun","QTY",null,"Presu Unidade","Total Presu","Alokasaun kada Quarter"]
[{"$nulls":7},"Q1","Q2","Q3","Q4","Alokasaun"]
[null,1,"Makina kua Du'ut",4,null,{"v":15,"d":"$15.00"},{"$f":"F37*D37","v":{"v":60,"d":"$60.00"}},{"$f":"G37","v":{"v":60,"d":"$60.00"}},{"$f":"G37","v":{"v":60,"d":"$60.00"}},{"$f":"H37","v":{"v":60,"d":"$60.00"}},{"$f":"G37","v":{"v":60,"d":"$60.00"}},{"$f":"H37+I37+J37+K37","v":{"v":240,"d":"$240.00"}}]
[null,"Total",{"$nulls":5},{"$f":"SUM(H37)","v":{"v":60,"d":"$60.00"}},{"$f":"SUM(I37)","v":{"v":60,"d":"$60.00"}},{"v":60,"d":"$60.00"},{"v":60,"d":"$60.00"},{"$f":"SUM(L37:L37)","v":{"v":240,"d":"$240.00"}}]
[]
[]
[null,"Pulsa Komunikasaun"]
[null,"Nu","Deskrisaun","QTY",null,"Presu Unidade","Total Presu","Alokasaun kada Quarter"]
[{"$nulls":7},"Q1","Q2","Q3","Q4","Alokasaun"]
[null,1,"Director",1,null,{"v":200,"d":"$200.00"},{"$f":"F44*D44","v":{"v":200,"d":"$200.00"}},{"$f":"G44","v":{"v":200,"d":"$200.00"}},{"$f":"G44","v":{"v":200,"d":"$200.00"}},{"$f":"H44","v":{"v":200,"d":"$200.00"}},{"$f":"G44","v":{"v":200,"d":"$200.00"}},{"$f":"H44+I44+J44+K44","v":{"v":800,"d":"$800.00"}}]
[null,2,"Xefe Departamento",3,null,{"v":100,"d":"$100.00"},{"$f":"F45*D45","v":{"v":300,"d":"$300.00"}},{"$f":"G45","v":{"v":300,"d":"$300.00"}},{"$f":"G45","v":{"v":300,"d":"$300.00"}},{"$f":"G45","v":{"v":300,"d":"$300.00"}},{"$f":"G45","v":{"v":300,"d":"$300.00"}},{"$f":"H45+I45+J45+K45","v":{"v":1200,"d":"$1,200.00"}}]
[null,"Total",{"$nulls":5},{"$f":"SUM(H44:H45)","v":{"v":500,"d":"$500.00"}},{"$f":"SUM(I44:I45)","v":{"v":500,"d":"$500.00"}},{"v":500,"d":"$500.00"},{"v":500,"d":"$500.00"},{"$f":"SUM(L44:L45)","v":{"v":2000,"d":"$2,000.00"}}]
[]
[]
[{"$nulls":8},"Ainaro, 28/01/2026"]
[null,null,"Prepara husi",{"$nulls":5},"Verifica husi"]
[]
[null,null,"(Rasino Soares Pinto)",{"$nulls":5},"(Feliciano da C. Verdial)"]
[null,null,"Xefe Dept. Planeamento",{"$nulls":5},"Director"]

{"sheet":"Salario Vensimento","index":10,"n_rows":30,"n_cols":11,"rows_kept":30,"merged":[[9,1,9,10],[11,1,11,10],[12,1,13,1],[12,2,13,2],[12,3,13,4],[12,5,13,5],[12,6,12,9],[14,3,14,4],[15,3,15,4],[16,3,16,4],[17,3,17,4],[18,3,18,4],[19,3,19,4],[20,3,20,4],[21,1,21,5],[25,8,25,9],[26,8,26,9],[28,8,28,9],[29,8,29,9]]}
{"$rows_empty":9}
[null,"BENS E SERVICOS BA PROSESU APROVISIONAMENTO"]
[]
[null,"Salario Vensimento"]
[null,"Nu","Deskrisaun","QTY (Ema)",null,"Trimestre","Alokasaun kada Quarter"]
[{"$nulls":6},"Q1","Q2","Q3","Q4","Alokasaun"]
[null,1,"Orsamento ida ne'e hodi selu Suplemento ba Cargo Director inklui Suplemento Cargo ba Chefe Departamento ",4,null,{"$f":"15312/4","v":{"v":3828,"d":"$3,828.00"}},{"$f":"F15*1","v":{"v":3828,"d":"$3,828.00"}},{"$f":"G15*1","v":{"v":3828,"d":"$3,828.00"}},{"v":3828,"d":"$3,828.00"},{"v":3828,"d":"$3,828.00"},{"$f":"G15+H15+I15+J15","v":{"v":15312,"d":"$15,312.00"}}]
[null,2,"Orsameno ida ne'e hodi selu Salario Basico ba Funcionarios Permanente iha Diresaun SMASA",8,null,{"$f":"19224/4","v":{"v":4806,"d":"$4,806.00"}},{"$f":"F16","v":{"v":4806,"d":"$4,806.00"}},{"$f":"G16","v":{"v":4806,"d":"$4,806.00"}},{"$f":"H16","v":{"v":4806,"d":"$4,806.00"}},{"$f":"I16","v":{"v":4806,"d":"$4,806.00"}},{"$f":"G16+H16+I16+J16","v":{"v":19224,"d":"$19,224.00"}}]
[null,3,"Orsamento ida ne'e hodi selu Subsidiu Transporte ba Kargo Director  no Xefe Departamento nain 3 inklui Funcionarios  Permanente nain 4  iha Diresaun SMASA",8,null,{"v":1293.75,"d":"$1,293.75"},{"$f":"F17","v":{"v":1293.75,"d":"$1,293.75"}},{"$f":"G17","v":{"v":1293.75,"d":"$1,293.75"}},{"v":1293.75,"d":"$1,293.75"},{"v":1293.75,"d":"$1,293.75"},{"$f":"G17+H17+I17+J17","v":{"v":5175,"d":"$5,175.00"}}]
[null,4,"Orsamento ida ne'e hodi selu Subsidiu Reprezentasaun 50% ba Cargo Director no  Xefe Departamento nain 3 iha Diresaun SMASA",4,null,{"$f":"7980/4","v":{"v":1995,"d":"$1,995.00"}},{"$f":"F18","v":{"v":1995,"d":"$1,995.00"}},{"$f":"G18","v":{"v":1995,"d":"$1,995.00"}},{"v":1995,"d":"$1,995.00"},{"v":1995,"d":"$1,995.00"},{"$f":"G18+H18+I18+J18","v":{"v":7980,"d":"$7,980.00"}}]
[null,5,"Orsamento ida ne'e Preve hodi Selu Salario kontratado Kazuais no Pessoal Saneamento nain12 inklui Motorista 1 iha Diresaun SM-ASA",14,null,{"$f":"(4116+33096)/4","v":{"v":9303,"d":"$9,303.00"}},{"$f":"F19","v":{"v":9303,"d":"$9,303.00"}},{"$f":"G19","v":{"v":9303,"d":"$9,303.00"}},{"v":9303,"d":"$9,303.00"},{"v":9303,"d":"$9,303.00"},{"v":37212,"d":"$37,212.00"}]
[null,6,"Orsamento ida ne'e Preve hodi Selu Salario ba Funcionario Permanentes sira iha Diresaun SMASA",8,null,{"$f":"8640/4","v":{"v":2160,"d":"$2,160.00"}},{"$f":"F20","v":{"v":2160,"d":"$2,160.00"}},{"$f":"G20","v":{"v":2160,"d":"$2,160.00"}},{"v":2160,"d":"$2,160.00"},{"v":2160,"d":"$2,160.00"},{"$f":"G20+H20+I20+J20","v":{"v":8640,"d":"$8,640.00"}}]
[null,7,"Orsamento ida ne'e hodi selu Salario Decimo Terceiro Mês ba Funcionarios Permanente inklui Kazuais iha Diresaun SMASA",1,null,{"$f":"4237+3478","v":{"v":7715,"d":"$7,715.00"}},null,{"$f":"G21","v":0},0,{"$f":"F21","v":{"v":7715,"d":"$7,715.00"}},{"$f":"G21+H21+I21+J21","v":{"v":7715,"d":"$7,715.00"}}]
[null,"Total",{"$nulls":4},{"$f":"SUM(G15:G21)","v":{"v":23385.75,"d":"$23,385.75"}},{"$f":"SUM(H15:H21)","v":{"v":23385.75,"d":"$23,385.75"}},{"$f":"SUM(I15:I21)","v":{"v":23385.75,"d":"$23,385.75"}},{"$f":"SUM(J15:J21)","v":{"v":31100.75,"d":"$31,100.75"}},{"$f":"SUM(K15:K21)","v":{"v":101258,"d":"$101,258.0"}}]
[]
[]
[]
[{"$nulls":8},"Ainaro, 28/01/2026"]
[null,null,"Prepara husi",{"$nulls":5},"Verifica husi"]
[]
[null,null,"(Rasino Soares Pinto)",{"$nulls":5},"(Feliciano da C. Verdial)"]
[null,null,"Xefe Dept. Planeamento",{"$nulls":5},"Director"]

{"sheet":"Pedido Q1 ","index":11,"n_rows":55,"n_cols":6,"rows_kept":55,"merged":[[7,0,7,5],[54,0,54,4]]}
{"$rows_empty":7}
["Outros Bens Correntes (Orsamento Operasional)"]
["Nu","Deskrisaun","QTY","Unit","Presu Unidade","Alokasaun kada Quarter I"]
[1,"Galv. Union 2 1/2''",1,"Pcs",{"v":15,"d":"$15.00"},{"$f":"E10*C10","v":{"v":15,"d":"$15.00"}}]
[2,"Galv. Hex nipple 1''",5,"Pcs",{"v":1.4,"d":"$1.40"},{"$f":"E11*C11","v":{"v":7,"d":"$7.00"}}]
[3,"Galv. Hex nipple 1 1/2''",5,"Pcs",{"v":2.8,"d":"$2.80"},{"v":14,"d":"$14.00"}]
[4,"Galv. Hex nipple 2''",5,"Pcs",{"v":2.9,"d":"$2.90"},{"v":14.5,"d":"$14.50"}]
[5,"Galv. Union  3/4''",10,"Pcs",{"v":2.9,"d":"$2.90"},{"v":29,"d":"$29.00"}]
[6,"Galv. Socket reducing",5,"Pcs",{"v":1.6,"d":"$1.60"},{"v":8,"d":"$8.00"}]
[7,"Galv. Socket 1''",20,"Pcs",{"v":1.5,"d":"$1.50"},{"v":30,"d":"$30.00"}]
[8,"Galv. Elbow 3/4''",13,"Pcs",{"v":1.3,"d":"$1.30"},{"v":16.900000000000002,"d":"$16.90"}]
[9,"Galv. elbow 1''",10,"Pcs",{"v":1.75,"d":"$1.75"},{"v":17.5,"d":"$17.50"}]
[10,"Galv. Tee Reducing 1'' x 3/4'' x 1''",5,"Pcs",{"v":2.2,"d":"$2.20"},{"v":11,"d":"$11.00"}]
[11,"Galv. Socket reducing 1 1/2'' x 1''",4,"Pcs",{"v":2.1,"d":"$2.10"},{"v":8.4,"d":"$8.40"}]
[12,"Galv. Socket 3/4''",25,"Pcs",{"v":0.85,"d":"$0.85"},{"v":21.25,"d":"$21.25"}]
[13,"Galv. Socket 3/4''",6,"Pcs",{"v":0.85,"d":"$0.85"},{"v":5.1,"d":"$5.10"}]
[14,"Galv. Socket 1''",8,"Pcs",{"v":1.5,"d":"$1.50"},{"v":12,"d":"$12.00"}]
[15,"Galv. Union 3/4''",6,"Pcs",{"v":2.9,"d":"$2.90"},{"v":17.4,"d":"$17.40"}]
[16,"Galv. Union 1''",6,"Pcs",{"v":3.6,"d":"$3.60"},{"v":21.6,"d":"$21.60"}]
[17,"Galv. Elbow 3/4''",6,"Pcs",{"v":1.3,"d":"$1.30"},{"v":7.800000000000001,"d":"$7.80"}]
[18,"Galv. Elbow 1''",5,"Pcs",{"v":1.75,"d":"$1.75"},{"v":8.75,"d":"$8.75"}]
[19,"Galv. Hex nipple 3/4''",8,"Pcs",{"v":1,"d":"$1.00"},{"v":8,"d":"$8.00"}]
[20,"Galv. Hex nipple 1''",7,"Pcs",{"v":1.4,"d":"$1.40"},{"v":9.799999999999999,"d":"$9.80"}]
[21,"Besi Pipa Spindo 1 1/4''",10,"btg",{"v":28,"d":"$28.00"},{"v":280,"d":"$280.00"}]
[22,"Besi Pipa Spindo 1 ''",20,"btg",{"v":21.5,"d":"$21.50"},{"v":430,"d":"$430.00"}]
[23,"Besi Pipa Spindo 3/4 ''",20,"btg",{"v":16.5,"d":"$16.50"},{"v":330,"d":"$330.00"}]
[24,"PE Pipa 1 1/4 '' (40mm)",3,"roll",{"v":120,"d":"$120.00"},{"v":360,"d":"$360.00"}]
[25,"PE Pipa 1 1/2 '' (50mm)",3,"roll",{"v":180,"d":"$180.00"},{"v":540,"d":"$540.00"}]
[26,"Stop Kran Besi 3/4''",15,"Pcs",{"v":3,"d":"$3.00"},{"v":45,"d":"$45.00"}]
[27,"Besi Water Mur 2''",20,"Pcs",{"v":6.5,"d":"$6.50"},{"v":130,"d":"$130.00"}]
[28,"Besi Socket 2''",20,"Pcs",{"v":3.5,"d":"$3.50"},{"v":70,"d":"$70.00"}]
[29,"Besi Elbow 1 1/4''",15,"Pcs",{"v":2.5,"d":"$2.50"},{"v":37.5,"d":"$37.50"}]
[30,"Besi Socket 1 1/4''",14,"Pcs",{"v":2.5,"d":"$2.50"},{"v":35,"d":"$35.00"}]
[31,"Besi Water Mur 1 1/4''",15,"Pcs",{"v":5,"d":"$5.00"},{"v":75,"d":"$75.00"}]
[32,"Besi Water Mur 1''",20,"Pcs",{"v":4,"d":"$4.00"},{"v":80,"d":"$80.00"}]
[33,"PE Socket 1 1/4''",20,"Pcs",{"v":4,"d":"$4.00"},{"v":80,"d":"$80.00"}]
[34,"Besi Over Socket 1'' x 3/4''",15,"Pcs",{"v":3,"d":"$3.00"},{"v":45,"d":"$45.00"}]
[35,"PE Over Socket 1 1/2'' x 1 1/4''",15,"Pcs",{"v":5,"d":"$5.00"},{"v":75,"d":"$75.00"}]
[36,"PE Socket 1 1/2''",10,"Pcs",{"v":5,"d":"$5.00"},{"v":50,"d":"$50.00"}]
[37,"PE Socket 2''",20,"Pcs",{"v":6,"d":"$6.00"},{"v":120,"d":"$120.00"}]
[38,"PE Socket 1''",20,"Pcs",{"v":3,"d":"$3.00"},{"v":60,"d":"$60.00"}]
[39,"PE Over Socket 3/4'' x  1/2''",19,"Pcs",{"v":2,"d":"$2.00"},{"v":38,"d":"$38.00"}]
[40,"PE Over Socket 1'' x  3/4''",15,"Pcs",{"v":3,"d":"$3.00"},{"v":45,"d":"$45.00"}]
[41,"PE Socket 3/4''",16,"Pcs",{"v":2,"d":"$2.00"},{"v":32,"d":"$32.00"}]
[42,"PE Socket drat dalam 3/4''",16,"Pcs",{"v":2,"d":"$2.00"},{"v":32,"d":"$32.00"}]
[43,"PE Tee 3/4''",15,"Pcs",{"v":2.5,"d":"$2.50"},{"v":37.5,"d":"$37.50"}]
[44,"PE Over Tee 3/4'' x 1/2''",15,"Pcs",{"v":2.5,"d":"$2.50"},{"v":37.5,"d":"$37.50"}]
[45,"PE Over Tee 1'' x 3/4''",15,"Pcs",{"v":3.5,"d":"$3.50"},{"v":52.5,"d":"$52.50"}]
["Total",{"$nulls":4},{"$f":"SUM(F10:F54)","v":{"v":3400,"d":"$3,400.00"}}]